<?xml version="1.0" encoding="UTF-8"?>
<collection xmlns="http://www.loc.gov/MARC21/slim">
 <record>
  <leader>55339nas a2204369   4500</leader>
  <controlfield tag="001">1/50401</controlfield>
  <controlfield tag="008">050127c19  9999uk wrzn       0   a0eng  </controlfield>
  <datafield tag="022" ind1="0" ind2=" ">
   <subfield code="a">1370-6012</subfield>
  </datafield>
  <datafield tag="035" ind1=" " ind2=" ">
   <subfield code="l">26141</subfield>
  </datafield>
  <datafield tag="040" ind1=" " ind2=" ">
   <subfield code="a">DLC</subfield>
   <subfield code="b">GR-PeUP</subfield>
  </datafield>
  <datafield tag="090" ind1=" " ind2=" ">
   <subfield code="a">Αλφαβητική σειρά</subfield>
  </datafield>
  <datafield tag="245" ind1="0" ind2="0">
   <subfield code="a">European Voice :</subfield>
   <subfield code="b">an independent view of the EU.</subfield>
  </datafield>
  <datafield tag="260" ind1=" " ind2=" ">
   <subfield code="a">Belgium :</subfield>
   <subfield code="b">International Press Center,</subfield>
   <subfield code="c">[19__].</subfield>
  </datafield>
  <datafield tag="300" ind1=" " ind2=" ">
   <subfield code="a">v.</subfield>
   <subfield code="b">ill.</subfield>
   <subfield code="c">40 cm.</subfield>
  </datafield>
  <datafield tag="310" ind1=" " ind2=" ">
   <subfield code="a">Weekly.</subfield>
  </datafield>
  <datafield tag="362" ind1="0" ind2=" ">
   <subfield code="a">Vol. 10, no. 14 (22-28 April 2004)-</subfield>
  </datafield>
  <datafield tag="500" ind1=" " ind2=" ">
   <subfield code="a">Newspaper.</subfield>
  </datafield>
  <datafield tag="535" ind1="0" ind2=" ">
   <subfield code="a">Κλειστό Βιβλιοστάσιο.</subfield>
  </datafield>
  <datafield tag="546" ind1=" " ind2=" ">
   <subfield code="a">English.</subfield>
  </datafield>
  <datafield tag="852" ind1=" " ind2=" ">
   <subfield code="a">INST</subfield>
   <subfield code="b">UNIPILB</subfield>
   <subfield code="c">SERIALS</subfield>
   <subfield code="e">20050203</subfield>
   <subfield code="h">Αλφαβητική σειρά</subfield>
   <subfield code="p">39528</subfield>
   <subfield code="q">39528</subfield>
   <subfield code="t">NOLOAN</subfield>
   <subfield code="v">vol.10;no.16:(Ημέρες)6-12;(Μήνας)May;(Έτος)2004</subfield>
   <subfield code="y">23</subfield>
  </datafield>
  <datafield tag="852" ind1=" " ind2=" ">
   <subfield code="a">INST</subfield>
   <subfield code="b">UNIPILB</subfield>
   <subfield code="c">SERIALS</subfield>
   <subfield code="e">20050203</subfield>
   <subfield code="h">Αλφαβητική σειρά</subfield>
   <subfield code="p">39529</subfield>
   <subfield code="q">39529</subfield>
   <subfield code="t">NOLOAN</subfield>
   <subfield code="v">vol.10;no.17:(Ημέρες)13-19;(Μήνας)May;(Έτος)2004</subfield>
   <subfield code="y">23</subfield>
  </datafield>
  <datafield tag="852" ind1=" " ind2=" ">
   <subfield code="a">INST</subfield>
   <subfield code="b">UNIPILB</subfield>
   <subfield code="c">SERIALS</subfield>
   <subfield code="e">20050203</subfield>
   <subfield code="h">Αλφαβητική σειρά</subfield>
   <subfield code="p">39530</subfield>
   <subfield code="q">39530</subfield>
   <subfield code="t">NOLOAN</subfield>
   <subfield code="v">vol.10;no.18:(Ημέρες)20-26;(Μήνας)May;(Έτος)2004</subfield>
   <subfield code="y">23</subfield>
  </datafield>
  <datafield tag="852" ind1=" " ind2=" ">
   <subfield code="a">INST</subfield>
   <subfield code="b">UNIPILB</subfield>
   <subfield code="c">SERIALS</subfield>
   <subfield code="e">20050203</subfield>
   <subfield code="h">Αλφαβητική σειρά</subfield>
   <subfield code="p">39531</subfield>
   <subfield code="q">39531</subfield>
   <subfield code="t">NOLOAN</subfield>
   <subfield code="v">vol.10;no.19:(Ημέρα)27;(Μήνας)May-(Ημέρα;(Μήνας)Jun.;(Έτος)2004</subfield>
   <subfield code="y">23</subfield>
  </datafield>
  <datafield tag="852" ind1=" " ind2=" ">
   <subfield code="a">INST</subfield>
   <subfield code="b">UNIPILB</subfield>
   <subfield code="c">SERIALS</subfield>
   <subfield code="e">20050203</subfield>
   <subfield code="h">Αλφαβητική σειρά</subfield>
   <subfield code="p">39533</subfield>
   <subfield code="q">39533</subfield>
   <subfield code="t">NOLOAN</subfield>
   <subfield code="v">vol.10;no.20:(Ημέρες)3-9;(Μήνας)Jun.;(Έτος)2004</subfield>
   <subfield code="y">23</subfield>
  </datafield>
  <datafield tag="852" ind1=" " ind2=" ">
   <subfield code="a">INST</subfield>
   <subfield code="b">UNIPILB</subfield>
   <subfield code="c">SERIALS</subfield>
   <subfield code="e">20050203</subfield>
   <subfield code="h">Αλφαβητική σειρά</subfield>
   <subfield code="p">39534</subfield>
   <subfield code="q">39534</subfield>
   <subfield code="t">NOLOAN</subfield>
   <subfield code="v">vol.10;no.21:(Ημέρες)10-16;(Μήνας)Jun.;(Έτος)2004</subfield>
   <subfield code="y">23</subfield>
  </datafield>
  <datafield tag="852" ind1=" " ind2=" ">
   <subfield code="a">INST</subfield>
   <subfield code="b">UNIPILB</subfield>
   <subfield code="c">SERIALS</subfield>
   <subfield code="e">20050203</subfield>
   <subfield code="h">Αλφαβητική σειρά</subfield>
   <subfield code="p">39535</subfield>
   <subfield code="q">39535</subfield>
   <subfield code="t">NOLOAN</subfield>
   <subfield code="v">vol.10;no.14:(Ημέρες)22-28;(Μήνας)Apr.;(Έτος)2004</subfield>
   <subfield code="y">23</subfield>
  </datafield>
  <datafield tag="852" ind1=" " ind2=" ">
   <subfield code="a">INST</subfield>
   <subfield code="b">UNIPILB</subfield>
   <subfield code="c">SERIALS</subfield>
   <subfield code="e">20050203</subfield>
   <subfield code="h">Αλφαβητική σειρά</subfield>
   <subfield code="p">39536</subfield>
   <subfield code="q">39536</subfield>
   <subfield code="t">NOLOAN</subfield>
   <subfield code="v">vol.10;no.15:(Ημέρα)29;(Μήνας)Apr.-(Ημέρα;(Μήνας)May;(Έτος)2004</subfield>
   <subfield code="y">23</subfield>
  </datafield>
  <datafield tag="852" ind1=" " ind2=" ">
   <subfield code="a">INST</subfield>
   <subfield code="b">UNIPILB</subfield>
   <subfield code="c">SERIALS</subfield>
   <subfield code="e">20050203</subfield>
   <subfield code="h">Αλφαβητική σειρά</subfield>
   <subfield code="p">39537</subfield>
   <subfield code="q">39537</subfield>
   <subfield code="t">NOLOAN</subfield>
   <subfield code="v">vol.10;no.22:(Ημέρες)17-23;(Μήνας)Jun.;(Έτος)2004</subfield>
   <subfield code="y">23</subfield>
  </datafield>
  <datafield tag="852" ind1=" " ind2=" ">
   <subfield code="a">INST</subfield>
   <subfield code="b">UNIPILB</subfield>
   <subfield code="c">SERIALS</subfield>
   <subfield code="e">20050203</subfield>
   <subfield code="h">Αλφαβητική σειρά</subfield>
   <subfield code="p">39538</subfield>
   <subfield code="q">39538</subfield>
   <subfield code="t">NOLOAN</subfield>
   <subfield code="v">vol.10;no.23:(Ημέρες)24-30;(Μήνας)Jun.;(Έτος)2004</subfield>
   <subfield code="y">23</subfield>
  </datafield>
  <datafield tag="852" ind1=" " ind2=" ">
   <subfield code="a">INST</subfield>
   <subfield code="b">UNIPILB</subfield>
   <subfield code="c">SERIALS</subfield>
   <subfield code="e">20050203</subfield>
   <subfield code="h">Αλφαβητική σειρά</subfield>
   <subfield code="p">39539</subfield>
   <subfield code="q">39539</subfield>
   <subfield code="t">NOLOAN</subfield>
   <subfield code="v">vol.10;no.24:(Ημέρες)1-7;(Μήνας)Jul.;(Έτος)2004</subfield>
   <subfield code="y">23</subfield>
  </datafield>
  <datafield tag="852" ind1=" " ind2=" ">
   <subfield code="a">INST</subfield>
   <subfield code="b">UNIPILB</subfield>
   <subfield code="c">SERIALS</subfield>
   <subfield code="e">20050203</subfield>
   <subfield code="h">Αλφαβητική σειρά</subfield>
   <subfield code="p">39540</subfield>
   <subfield code="q">39540</subfield>
   <subfield code="t">NOLOAN</subfield>
   <subfield code="v">vol.10;no.25:(Ημέρες)8-14;(Μήνας)Jul.;(Έτος)2004</subfield>
   <subfield code="y">23</subfield>
  </datafield>
  <datafield tag="852" ind1=" " ind2=" ">
   <subfield code="a">INST</subfield>
   <subfield code="b">UNIPILB</subfield>
   <subfield code="c">SERIALS</subfield>
   <subfield code="e">20050203</subfield>
   <subfield code="h">Αλφαβητική σειρά</subfield>
   <subfield code="p">39541</subfield>
   <subfield code="q">39541</subfield>
   <subfield code="t">NOLOAN</subfield>
   <subfield code="v">vol.10;no.26:(Ημέρες)15-21;(Μήνας)Jul.;(Έτος)2004</subfield>
   <subfield code="y">23</subfield>
  </datafield>
  <datafield tag="852" ind1=" " ind2=" ">
   <subfield code="a">INST</subfield>
   <subfield code="b">UNIPILB</subfield>
   <subfield code="c">SERIALS</subfield>
   <subfield code="e">20050203</subfield>
   <subfield code="h">Αλφαβητική σειρά</subfield>
   <subfield code="p">39542</subfield>
   <subfield code="q">39542</subfield>
   <subfield code="t">NOLOAN</subfield>
   <subfield code="v">vol.10;no.27:(Ημέρες)22-28;(Μήνας)Jul.;(Έτος)2004</subfield>
   <subfield code="y">23</subfield>
  </datafield>
  <datafield tag="852" ind1=" " ind2=" ">
   <subfield code="a">INST</subfield>
   <subfield code="b">UNIPILB</subfield>
   <subfield code="c">SERIALS</subfield>
   <subfield code="e">20050203</subfield>
   <subfield code="h">Αλφαβητική σειρά</subfield>
   <subfield code="p">39543</subfield>
   <subfield code="q">39543</subfield>
   <subfield code="t">NOLOAN</subfield>
   <subfield code="v">vol.10;no.28:(Ημέρα)29;(Μήνας)Jul.-(Ημέρα;(Μήνας)Sep.;(Έτος)2004</subfield>
   <subfield code="y">23</subfield>
  </datafield>
  <datafield tag="852" ind1=" " ind2=" ">
   <subfield code="a">INST</subfield>
   <subfield code="b">UNIPILB</subfield>
   <subfield code="c">SERIALS</subfield>
   <subfield code="e">20050203</subfield>
   <subfield code="h">Αλφαβητική σειρά</subfield>
   <subfield code="p">39544</subfield>
   <subfield code="q">39544</subfield>
   <subfield code="t">NOLOAN</subfield>
   <subfield code="v">vol.10;no.29:(Ημέρες)2-8;(Μήνας)Sep.;(Έτος)2004</subfield>
   <subfield code="y">23</subfield>
  </datafield>
  <datafield tag="852" ind1=" " ind2=" ">
   <subfield code="a">INST</subfield>
   <subfield code="b">UNIPILB</subfield>
   <subfield code="c">SERIALS</subfield>
   <subfield code="e">20050203</subfield>
   <subfield code="h">Αλφαβητική σειρά</subfield>
   <subfield code="p">39545</subfield>
   <subfield code="q">39545</subfield>
   <subfield code="t">NOLOAN</subfield>
   <subfield code="v">vol.10;no.30:(Ημέρες)9-15;(Μήνας)Sep.;(Έτος)2004</subfield>
   <subfield code="y">23</subfield>
  </datafield>
  <datafield tag="852" ind1=" " ind2=" ">
   <subfield code="a">INST</subfield>
   <subfield code="b">UNIPILB</subfield>
   <subfield code="c">SERIALS</subfield>
   <subfield code="e">20050203</subfield>
   <subfield code="h">Αλφαβητική σειρά</subfield>
   <subfield code="p">39546</subfield>
   <subfield code="q">39546</subfield>
   <subfield code="t">NOLOAN</subfield>
   <subfield code="v">vol.10;no.31:(Ημέρες)16-22;(Μήνας)Sep.;(Έτος)2004</subfield>
   <subfield code="y">23</subfield>
  </datafield>
  <datafield tag="852" ind1=" " ind2=" ">
   <subfield code="a">INST</subfield>
   <subfield code="b">UNIPILB</subfield>
   <subfield code="c">SERIALS</subfield>
   <subfield code="e">20050203</subfield>
   <subfield code="h">Αλφαβητική σειρά</subfield>
   <subfield code="p">39547</subfield>
   <subfield code="q">39547</subfield>
   <subfield code="t">NOLOAN</subfield>
   <subfield code="v">vol.10;no.32:(Ημέρες)23-29;(Μήνας)Sep.;(Έτος)2004</subfield>
   <subfield code="y">23</subfield>
  </datafield>
  <datafield tag="852" ind1=" " ind2=" ">
   <subfield code="a">INST</subfield>
   <subfield code="b">UNIPILB</subfield>
   <subfield code="c">SERIALS</subfield>
   <subfield code="e">20050203</subfield>
   <subfield code="h">Αλφαβητική σειρά</subfield>
   <subfield code="p">39548</subfield>
   <subfield code="q">39548</subfield>
   <subfield code="t">NOLOAN</subfield>
   <subfield code="v">vol.10;no.33:(Ημέρα)30;(Μήνας)Sep.-(Ημέρα;(Μήνας)Oct.;(Έτος)2004</subfield>
   <subfield code="y">23</subfield>
  </datafield>
  <datafield tag="852" ind1=" " ind2=" ">
   <subfield code="a">INST</subfield>
   <subfield code="b">UNIPILB</subfield>
   <subfield code="c">SERIALS</subfield>
   <subfield code="e">20050203</subfield>
   <subfield code="h">Αλφαβητική σειρά</subfield>
   <subfield code="p">39549</subfield>
   <subfield code="q">39549</subfield>
   <subfield code="t">NOLOAN</subfield>
   <subfield code="v">vol.10;no.34:(Ημέρες)7-13;(Μήνας)Oct.;(Έτος)2004</subfield>
   <subfield code="y">23</subfield>
  </datafield>
  <datafield tag="852" ind1=" " ind2=" ">
   <subfield code="a">INST</subfield>
   <subfield code="b">UNIPILB</subfield>
   <subfield code="c">SERIALS</subfield>
   <subfield code="e">20050203</subfield>
   <subfield code="h">Αλφαβητική σειρά</subfield>
   <subfield code="p">39550</subfield>
   <subfield code="q">39550</subfield>
   <subfield code="t">NOLOAN</subfield>
   <subfield code="v">vol.10;no.35:(Ημέρες)14-20;(Μήνας)Oct.;(Έτος)2004</subfield>
   <subfield code="y">23</subfield>
  </datafield>
  <datafield tag="852" ind1=" " ind2=" ">
   <subfield code="a">INST</subfield>
   <subfield code="b">UNIPILB</subfield>
   <subfield code="c">SERIALS</subfield>
   <subfield code="e">20050203</subfield>
   <subfield code="h">Αλφαβητική σειρά</subfield>
   <subfield code="p">39551</subfield>
   <subfield code="q">39551</subfield>
   <subfield code="t">NOLOAN</subfield>
   <subfield code="v">vol.10;no.36:(Ημέρες)21-27;(Μήνας)Oct.;(Έτος)2004</subfield>
   <subfield code="y">23</subfield>
  </datafield>
  <datafield tag="852" ind1=" " ind2=" ">
   <subfield code="a">INST</subfield>
   <subfield code="b">UNIPILB</subfield>
   <subfield code="c">SERIALS</subfield>
   <subfield code="e">20050203</subfield>
   <subfield code="h">Αλφαβητική σειρά</subfield>
   <subfield code="p">39552</subfield>
   <subfield code="q">39552</subfield>
   <subfield code="t">NOLOAN</subfield>
   <subfield code="v">vol.10;no.37:(Ημέρα)28;(Μήνας)Oct.-(Ημέρα;(Μήνας)Nov.;(Έτος)2004</subfield>
   <subfield code="y">23</subfield>
  </datafield>
  <datafield tag="852" ind1=" " ind2=" ">
   <subfield code="a">INST</subfield>
   <subfield code="b">UNIPILB</subfield>
   <subfield code="c">SERIALS</subfield>
   <subfield code="e">20050203</subfield>
   <subfield code="h">Αλφαβητική σειρά</subfield>
   <subfield code="p">39553</subfield>
   <subfield code="q">39553</subfield>
   <subfield code="t">NOLOAN</subfield>
   <subfield code="v">vol.10;no.38:(Ημέρες)4-10;(Μήνας)Nov.;(Έτος)2004</subfield>
   <subfield code="y">23</subfield>
  </datafield>
  <datafield tag="852" ind1=" " ind2=" ">
   <subfield code="a">INST</subfield>
   <subfield code="b">UNIPILB</subfield>
   <subfield code="c">SERIALS</subfield>
   <subfield code="e">20050203</subfield>
   <subfield code="h">Αλφαβητική σειρά</subfield>
   <subfield code="p">39554</subfield>
   <subfield code="q">39554</subfield>
   <subfield code="t">NOLOAN</subfield>
   <subfield code="v">vol.10;no.39:(Ημέρες)11-17;(Μήνας)Nov.;(Έτος)2004</subfield>
   <subfield code="y">23</subfield>
  </datafield>
  <datafield tag="852" ind1=" " ind2=" ">
   <subfield code="a">INST</subfield>
   <subfield code="b">UNIPILB</subfield>
   <subfield code="c">SERIALS</subfield>
   <subfield code="e">20050203</subfield>
   <subfield code="h">Αλφαβητική σειρά</subfield>
   <subfield code="p">39555</subfield>
   <subfield code="q">39555</subfield>
   <subfield code="t">NOLOAN</subfield>
   <subfield code="v">vol.10;no.40:(Ημέρες)18-24;(Μήνας)Nov.;(Έτος)2004</subfield>
   <subfield code="y">23</subfield>
  </datafield>
  <datafield tag="852" ind1=" " ind2=" ">
   <subfield code="a">INST</subfield>
   <subfield code="b">UNIPILB</subfield>
   <subfield code="c">SERIALS</subfield>
   <subfield code="e">20050203</subfield>
   <subfield code="h">Αλφαβητική σειρά</subfield>
   <subfield code="p">39556</subfield>
   <subfield code="q">39556</subfield>
   <subfield code="t">NOLOAN</subfield>
   <subfield code="v">vol.10;no.41:(Ημέρα)25;(Μήνας)Nov.-(Ημέρα;(Μήνας)Dec.;(Έτος)2004</subfield>
   <subfield code="y">23</subfield>
  </datafield>
  <datafield tag="852" ind1=" " ind2=" ">
   <subfield code="a">INST</subfield>
   <subfield code="b">UNIPILB</subfield>
   <subfield code="c">SERIALS</subfield>
   <subfield code="e">20050203</subfield>
   <subfield code="h">Αλφαβητική σειρά</subfield>
   <subfield code="p">39557</subfield>
   <subfield code="q">39557</subfield>
   <subfield code="t">NOLOAN</subfield>
   <subfield code="v">vol.10;no.42:(Ημέρες)2-8;(Μήνας)Dec.;(Έτος)2004</subfield>
   <subfield code="y">23</subfield>
  </datafield>
  <datafield tag="852" ind1=" " ind2=" ">
   <subfield code="a">INST</subfield>
   <subfield code="b">UNIPILB</subfield>
   <subfield code="c">SERIALS</subfield>
   <subfield code="e">20050203</subfield>
   <subfield code="h">Αλφαβητική σειρά</subfield>
   <subfield code="p">39558</subfield>
   <subfield code="q">39558</subfield>
   <subfield code="t">NOLOAN</subfield>
   <subfield code="v">vol.EV50 The Europeans of the year:(Μήνας)December;(Έτος)2004</subfield>
   <subfield code="y">23</subfield>
  </datafield>
  <datafield tag="852" ind1=" " ind2=" ">
   <subfield code="a">INST</subfield>
   <subfield code="b">UNIPILB</subfield>
   <subfield code="c">SERIALS</subfield>
   <subfield code="e">20050203</subfield>
   <subfield code="h">Αλφαβητική σειρά</subfield>
   <subfield code="p">39559</subfield>
   <subfield code="q">39559</subfield>
   <subfield code="t">NOLOAN</subfield>
   <subfield code="v">vol.10;no.43:(Ημέρες)9-15;(Μήνας)Dec.;(Έτος)2004</subfield>
   <subfield code="y">23</subfield>
  </datafield>
  <datafield tag="852" ind1=" " ind2=" ">
   <subfield code="a">INST</subfield>
   <subfield code="b">UNIPILB</subfield>
   <subfield code="c">SERIALS</subfield>
   <subfield code="e">20050203</subfield>
   <subfield code="h">Αλφαβητική σειρά</subfield>
   <subfield code="p">39560</subfield>
   <subfield code="q">39560</subfield>
   <subfield code="t">NOLOAN</subfield>
   <subfield code="v">vol.10;no.44:(Ημέρες)16-22;(Μήνας)Dec.;(Έτος)2004</subfield>
   <subfield code="y">23</subfield>
  </datafield>
  <datafield tag="852" ind1=" " ind2=" ">
   <subfield code="a">INST</subfield>
   <subfield code="b">UNIPILB</subfield>
   <subfield code="c">SERIALS</subfield>
   <subfield code="e">20050404</subfield>
   <subfield code="h">Αλφαβητική σειρά</subfield>
   <subfield code="p">41944</subfield>
   <subfield code="q">41944</subfield>
   <subfield code="t">NOLOAN</subfield>
   <subfield code="v">vol.11;no.1:(Ημέρες)13-19;(Μήνας)Jan.;(Έτος)2005</subfield>
   <subfield code="y">23</subfield>
  </datafield>
  <datafield tag="852" ind1=" " ind2=" ">
   <subfield code="a">INST</subfield>
   <subfield code="b">UNIPILB</subfield>
   <subfield code="c">SERIALS</subfield>
   <subfield code="e">20050404</subfield>
   <subfield code="h">Αλφαβητική σειρά</subfield>
   <subfield code="p">41945</subfield>
   <subfield code="q">41945</subfield>
   <subfield code="t">NOLOAN</subfield>
   <subfield code="v">vol.11;no.2:(Ημέρες)20-26;(Μήνας)Jan.;(Έτος)2005</subfield>
   <subfield code="y">23</subfield>
  </datafield>
  <datafield tag="852" ind1=" " ind2=" ">
   <subfield code="a">INST</subfield>
   <subfield code="b">UNIPILB</subfield>
   <subfield code="c">SERIALS</subfield>
   <subfield code="e">20050404</subfield>
   <subfield code="h">Αλφαβητική σειρά</subfield>
   <subfield code="p">41946</subfield>
   <subfield code="q">41946</subfield>
   <subfield code="t">NOLOAN</subfield>
   <subfield code="v">vol.11;no.3:(Ημέρα)27;(Μήνας)Jan.-(Ημέρα;(Μήνας)Feb.;(Έτος)2005</subfield>
   <subfield code="y">23</subfield>
  </datafield>
  <datafield tag="852" ind1=" " ind2=" ">
   <subfield code="a">INST</subfield>
   <subfield code="b">UNIPILB</subfield>
   <subfield code="c">SERIALS</subfield>
   <subfield code="e">20050404</subfield>
   <subfield code="h">Αλφαβητική σειρά</subfield>
   <subfield code="p">41947</subfield>
   <subfield code="q">41947</subfield>
   <subfield code="t">NOLOAN</subfield>
   <subfield code="v">vol.11;no.4:(Ημέρες)3-9;(Μήνας)Feb.;(Έτος)2005</subfield>
   <subfield code="y">23</subfield>
  </datafield>
  <datafield tag="852" ind1=" " ind2=" ">
   <subfield code="a">INST</subfield>
   <subfield code="b">UNIPILB</subfield>
   <subfield code="c">SERIALS</subfield>
   <subfield code="e">20050404</subfield>
   <subfield code="h">Αλφαβητική σειρά</subfield>
   <subfield code="p">41948</subfield>
   <subfield code="q">41948</subfield>
   <subfield code="t">NOLOAN</subfield>
   <subfield code="v">vol.11;no.5:(Ημέρες)10-16;(Μήνας)Feb.;(Έτος)2005</subfield>
   <subfield code="y">23</subfield>
  </datafield>
  <datafield tag="852" ind1=" " ind2=" ">
   <subfield code="a">INST</subfield>
   <subfield code="b">UNIPILB</subfield>
   <subfield code="c">SERIALS</subfield>
   <subfield code="e">20050404</subfield>
   <subfield code="h">Αλφαβητική σειρά</subfield>
   <subfield code="p">41949</subfield>
   <subfield code="q">41949</subfield>
   <subfield code="t">NOLOAN</subfield>
   <subfield code="v">vol.11;no.6:(Ημέρες)17-23;(Μήνας)Feb.;(Έτος)2005</subfield>
   <subfield code="y">23</subfield>
  </datafield>
  <datafield tag="852" ind1=" " ind2=" ">
   <subfield code="a">INST</subfield>
   <subfield code="b">UNIPILB</subfield>
   <subfield code="c">SERIALS</subfield>
   <subfield code="e">20050404</subfield>
   <subfield code="h">Αλφαβητική σειρά</subfield>
   <subfield code="p">41950</subfield>
   <subfield code="q">41950</subfield>
   <subfield code="t">NOLOAN</subfield>
   <subfield code="v">vol.EU Studies Guide:(Έτος)2005</subfield>
   <subfield code="y">23</subfield>
  </datafield>
  <datafield tag="852" ind1=" " ind2=" ">
   <subfield code="a">INST</subfield>
   <subfield code="b">UNIPILB</subfield>
   <subfield code="c">SERIALS</subfield>
   <subfield code="e">20050516</subfield>
   <subfield code="h">Αλφαβητική σειρά</subfield>
   <subfield code="p">43083</subfield>
   <subfield code="q">43083</subfield>
   <subfield code="t">NOLOAN</subfield>
   <subfield code="v">vol.11;no.7:(Ημέρα)24;(Μήνας)Feb.-(Ημέρα;(Μήνας)Mar.;(Έτος)2005</subfield>
   <subfield code="y">23</subfield>
  </datafield>
  <datafield tag="852" ind1=" " ind2=" ">
   <subfield code="a">INST</subfield>
   <subfield code="b">UNIPILB</subfield>
   <subfield code="c">SERIALS</subfield>
   <subfield code="e">20050516</subfield>
   <subfield code="h">Αλφαβητική σειρά</subfield>
   <subfield code="p">43084</subfield>
   <subfield code="q">43084</subfield>
   <subfield code="t">NOLOAN</subfield>
   <subfield code="v">vol.11;no.8:(Ημέρες)3-9;(Μήνας)Mar.;(Έτος)2005</subfield>
   <subfield code="y">23</subfield>
  </datafield>
  <datafield tag="852" ind1=" " ind2=" ">
   <subfield code="a">INST</subfield>
   <subfield code="b">UNIPILB</subfield>
   <subfield code="c">SERIALS</subfield>
   <subfield code="e">20050516</subfield>
   <subfield code="h">Αλφαβητική σειρά</subfield>
   <subfield code="p">43085</subfield>
   <subfield code="q">43085</subfield>
   <subfield code="t">NOLOAN</subfield>
   <subfield code="v">vol.11;no.9:(Ημέρες)10-16;(Μήνας)Mar.;(Έτος)2005</subfield>
   <subfield code="y">23</subfield>
  </datafield>
  <datafield tag="852" ind1=" " ind2=" ">
   <subfield code="a">INST</subfield>
   <subfield code="b">UNIPILB</subfield>
   <subfield code="c">SERIALS</subfield>
   <subfield code="e">20050516</subfield>
   <subfield code="h">Αλφαβητική σειρά</subfield>
   <subfield code="p">43086</subfield>
   <subfield code="q">43086</subfield>
   <subfield code="t">NOLOAN</subfield>
   <subfield code="v">vol.11;no.10:(Ημέρες)17-23;(Μήνας)Mar.;(Έτος)2005</subfield>
   <subfield code="y">23</subfield>
  </datafield>
  <datafield tag="852" ind1=" " ind2=" ">
   <subfield code="a">INST</subfield>
   <subfield code="b">UNIPILB</subfield>
   <subfield code="c">SERIALS</subfield>
   <subfield code="e">20050516</subfield>
   <subfield code="h">Αλφαβητική σειρά</subfield>
   <subfield code="p">43087</subfield>
   <subfield code="q">43087</subfield>
   <subfield code="t">NOLOAN</subfield>
   <subfield code="v">vol.11;no.11:(Ημέρες)24-30;(Μήνας)Mar.;(Έτος)2005</subfield>
   <subfield code="y">23</subfield>
  </datafield>
  <datafield tag="852" ind1=" " ind2=" ">
   <subfield code="a">INST</subfield>
   <subfield code="b">UNIPILB</subfield>
   <subfield code="c">SERIALS</subfield>
   <subfield code="e">20050516</subfield>
   <subfield code="h">Αλφαβητική σειρά</subfield>
   <subfield code="p">43088</subfield>
   <subfield code="q">43088</subfield>
   <subfield code="t">NOLOAN</subfield>
   <subfield code="v">vol.11;no.12:(Ημέρα)31;(Μήνας)Mar.-(Ημέρα;(Μήνας)Apr.;(Έτος)2005</subfield>
   <subfield code="y">23</subfield>
  </datafield>
  <datafield tag="852" ind1=" " ind2=" ">
   <subfield code="a">INST</subfield>
   <subfield code="b">UNIPILB</subfield>
   <subfield code="c">SERIALS</subfield>
   <subfield code="e">20050516</subfield>
   <subfield code="h">Αλφαβητική σειρά</subfield>
   <subfield code="p">43089</subfield>
   <subfield code="q">43089</subfield>
   <subfield code="t">NOLOAN</subfield>
   <subfield code="v">vol.11;no.13:(Ημέρες)7-13;(Μήνας)Apr.;(Έτος)2005</subfield>
   <subfield code="y">23</subfield>
  </datafield>
  <datafield tag="852" ind1=" " ind2=" ">
   <subfield code="a">INST</subfield>
   <subfield code="b">UNIPILB</subfield>
   <subfield code="c">SERIALS</subfield>
   <subfield code="e">20050516</subfield>
   <subfield code="h">Αλφαβητική σειρά</subfield>
   <subfield code="p">43090</subfield>
   <subfield code="q">43090</subfield>
   <subfield code="t">NOLOAN</subfield>
   <subfield code="v">vol.11;no.14:(Ημέρες)14-20;(Μήνας)Apr.;(Έτος)2005</subfield>
   <subfield code="y">23</subfield>
  </datafield>
  <datafield tag="852" ind1=" " ind2=" ">
   <subfield code="a">INST</subfield>
   <subfield code="b">UNIPILB</subfield>
   <subfield code="c">SERIALS</subfield>
   <subfield code="e">20060410</subfield>
   <subfield code="h">Αλφαβητική σειρά</subfield>
   <subfield code="p">51196</subfield>
   <subfield code="q">51196</subfield>
   <subfield code="t">NOLOAN</subfield>
   <subfield code="v">vol.12;no.7:(Ημέρα)23;(Μήνας)Feb.-(Ημέρα;(Μήνας)Mar.;(Έτος)2006</subfield>
   <subfield code="y">23</subfield>
  </datafield>
  <datafield tag="852" ind1=" " ind2=" ">
   <subfield code="a">INST</subfield>
   <subfield code="b">UNIPILB</subfield>
   <subfield code="c">SERIALS</subfield>
   <subfield code="e">20060410</subfield>
   <subfield code="h">Αλφαβητική σειρά</subfield>
   <subfield code="p">51197</subfield>
   <subfield code="q">51197</subfield>
   <subfield code="t">NOLOAN</subfield>
   <subfield code="v">vol.12;no.8:(Ημέρες)2-8;(Μήνας)Mar.;(Έτος)2006</subfield>
   <subfield code="y">23</subfield>
  </datafield>
  <datafield tag="852" ind1=" " ind2=" ">
   <subfield code="a">INST</subfield>
   <subfield code="b">UNIPILB</subfield>
   <subfield code="c">SERIALS</subfield>
   <subfield code="e">20060410</subfield>
   <subfield code="h">Αλφαβητική σειρά</subfield>
   <subfield code="p">51198</subfield>
   <subfield code="q">51198</subfield>
   <subfield code="t">NOLOAN</subfield>
   <subfield code="v">vol.12;no.9:(Ημέρες)9-15;(Μήνας)Mar.;(Έτος)2006</subfield>
   <subfield code="y">23</subfield>
  </datafield>
  <datafield tag="852" ind1=" " ind2=" ">
   <subfield code="a">INST</subfield>
   <subfield code="b">UNIPILB</subfield>
   <subfield code="c">SERIALS</subfield>
   <subfield code="e">20060410</subfield>
   <subfield code="h">Αλφαβητική σειρά</subfield>
   <subfield code="p">51199</subfield>
   <subfield code="q">51199</subfield>
   <subfield code="t">NOLOAN</subfield>
   <subfield code="v">vol.12;no.10:(Ημέρες)16-22;(Μήνας)Mar.;(Έτος)2006</subfield>
   <subfield code="y">23</subfield>
  </datafield>
  <datafield tag="852" ind1=" " ind2=" ">
   <subfield code="a">INST</subfield>
   <subfield code="b">UNIPILB</subfield>
   <subfield code="c">SERIALS</subfield>
   <subfield code="e">20060410</subfield>
   <subfield code="h">Αλφαβητική σειρά</subfield>
   <subfield code="p">51200</subfield>
   <subfield code="q">51200</subfield>
   <subfield code="t">NOLOAN</subfield>
   <subfield code="v">vol.12;no.11:(Ημέρες)23-29;(Μήνας)Mar.;(Έτος)2006</subfield>
   <subfield code="y">23</subfield>
  </datafield>
  <datafield tag="852" ind1=" " ind2=" ">
   <subfield code="a">INST</subfield>
   <subfield code="b">UNIPILB</subfield>
   <subfield code="c">SERIALS</subfield>
   <subfield code="e">20060518</subfield>
   <subfield code="h">Αλφαβητική σειρά</subfield>
   <subfield code="p">51553</subfield>
   <subfield code="q">51553</subfield>
   <subfield code="t">NOLOAN</subfield>
   <subfield code="v">vol.12;no.12:(Ημέρα)30;(Μήνας)Mar.-(Ημέρα;(Μήνας)Apr.;(Έτος)2006</subfield>
   <subfield code="y">23</subfield>
  </datafield>
  <datafield tag="852" ind1=" " ind2=" ">
   <subfield code="a">INST</subfield>
   <subfield code="b">UNIPILB</subfield>
   <subfield code="c">SERIALS</subfield>
   <subfield code="e">20071022</subfield>
   <subfield code="h">Αλφαβητική σειρά</subfield>
   <subfield code="p">57764</subfield>
   <subfield code="q">57764</subfield>
   <subfield code="t">NOLOAN</subfield>
   <subfield code="v">vol.13;no.31:(Ημέρα)30;(Μήνας)Aug.-(Ημέρα;(Μήνας)Sep.;(Έτος)2007</subfield>
   <subfield code="y">23</subfield>
  </datafield>
  <datafield tag="852" ind1=" " ind2=" ">
   <subfield code="a">INST</subfield>
   <subfield code="b">UNIPILB</subfield>
   <subfield code="c">SERIALS</subfield>
   <subfield code="e">20071022</subfield>
   <subfield code="h">Αλφαβητική σειρά</subfield>
   <subfield code="p">57765</subfield>
   <subfield code="q">57765</subfield>
   <subfield code="t">NOLOAN</subfield>
   <subfield code="v">vol.13;no.32:(Ημέρες)6-12;(Μήνας)Sep.;(Έτος)2007</subfield>
   <subfield code="y">23</subfield>
  </datafield>
  <datafield tag="852" ind1=" " ind2=" ">
   <subfield code="a">INST</subfield>
   <subfield code="b">UNIPILB</subfield>
   <subfield code="c">SERIALS</subfield>
   <subfield code="e">20071022</subfield>
   <subfield code="h">Αλφαβητική σειρά</subfield>
   <subfield code="p">57766</subfield>
   <subfield code="q">57766</subfield>
   <subfield code="t">NOLOAN</subfield>
   <subfield code="v">vol.13;no.33:(Ημέρες)13-19;(Μήνας)Sep.;(Έτος)2007</subfield>
   <subfield code="y">23</subfield>
  </datafield>
  <datafield tag="852" ind1=" " ind2=" ">
   <subfield code="a">INST</subfield>
   <subfield code="b">UNIPILB</subfield>
   <subfield code="c">SERIALS</subfield>
   <subfield code="e">20071022</subfield>
   <subfield code="h">Αλφαβητική σειρά</subfield>
   <subfield code="p">57767</subfield>
   <subfield code="q">57767</subfield>
   <subfield code="t">NOLOAN</subfield>
   <subfield code="v">vol.13;no.34:(Ημέρες)20-26;(Μήνας)Sep.;(Έτος)2007</subfield>
   <subfield code="y">23</subfield>
  </datafield>
  <datafield tag="852" ind1=" " ind2=" ">
   <subfield code="a">INST</subfield>
   <subfield code="b">UNIPILB</subfield>
   <subfield code="c">SERIALS</subfield>
   <subfield code="e">20071022</subfield>
   <subfield code="h">Αλφαβητική σειρά</subfield>
   <subfield code="p">57768</subfield>
   <subfield code="q">57768</subfield>
   <subfield code="t">NOLOAN</subfield>
   <subfield code="v">vol.13;no.35:(Ημέρα)27;(Μήνας)Sep.-(Ημέρα;(Μήνας)Oct.;(Έτος)2007</subfield>
   <subfield code="y">23</subfield>
  </datafield>
  <datafield tag="852" ind1=" " ind2=" ">
   <subfield code="a">INST</subfield>
   <subfield code="b">UNIPILB</subfield>
   <subfield code="c">SERIALS</subfield>
   <subfield code="e">20071120</subfield>
   <subfield code="h">Αλφαβητική σειρά</subfield>
   <subfield code="p">58470</subfield>
   <subfield code="q">58470</subfield>
   <subfield code="t">NOLOAN</subfield>
   <subfield code="v">vol.13;no.40:(Ημέρα,Μήνας)31 Oct. - 7 Nov.;(Έτος)2007</subfield>
   <subfield code="y">23</subfield>
  </datafield>
  <datafield tag="852" ind1=" " ind2=" ">
   <subfield code="a">INST</subfield>
   <subfield code="b">UNIPILB</subfield>
   <subfield code="c">SERIALS</subfield>
   <subfield code="e">20071129</subfield>
   <subfield code="h">Αλφαβητική σειρά</subfield>
   <subfield code="p">58635</subfield>
   <subfield code="q">58635</subfield>
   <subfield code="t">NOLOAN</subfield>
   <subfield code="v">vol.13;no.36:(Ημέρες)4-10;(Μήνας)Oct.;(Έτος)2007</subfield>
   <subfield code="y">23</subfield>
  </datafield>
  <datafield tag="852" ind1=" " ind2=" ">
   <subfield code="a">INST</subfield>
   <subfield code="b">UNIPILB</subfield>
   <subfield code="c">SERIALS</subfield>
   <subfield code="e">20071129</subfield>
   <subfield code="h">Αλφαβητική σειρά</subfield>
   <subfield code="p">58636</subfield>
   <subfield code="q">58636</subfield>
   <subfield code="t">NOLOAN</subfield>
   <subfield code="v">vol.13;no.37:(Ημέρες)11-17;(Μήνας)Oct.;(Έτος)2007</subfield>
   <subfield code="y">23</subfield>
  </datafield>
  <datafield tag="852" ind1=" " ind2=" ">
   <subfield code="a">INST</subfield>
   <subfield code="b">UNIPILB</subfield>
   <subfield code="c">SERIALS</subfield>
   <subfield code="e">20071129</subfield>
   <subfield code="h">Αλφαβητική σειρά</subfield>
   <subfield code="p">58637</subfield>
   <subfield code="q">58637</subfield>
   <subfield code="t">NOLOAN</subfield>
   <subfield code="v">vol.13;no.39:(Ημέρες)25-31;(Μήνας)Oct.;(Έτος)2007</subfield>
   <subfield code="y">23</subfield>
  </datafield>
  <datafield tag="852" ind1=" " ind2=" ">
   <subfield code="a">INST</subfield>
   <subfield code="b">UNIPILB</subfield>
   <subfield code="c">SERIALS</subfield>
   <subfield code="e">20080110</subfield>
   <subfield code="h">Αλφαβητική σειρά</subfield>
   <subfield code="p">59389</subfield>
   <subfield code="q">59389</subfield>
   <subfield code="t">NOLOAN</subfield>
   <subfield code="v">vol.13;no.45:(Ημέρες)6-12;(Μήνας)Dec.;(Έτος)2007</subfield>
   <subfield code="y">23</subfield>
  </datafield>
  <datafield tag="852" ind1=" " ind2=" ">
   <subfield code="a">INST</subfield>
   <subfield code="b">UNIPILB</subfield>
   <subfield code="c">SERIALS</subfield>
   <subfield code="e">20080110</subfield>
   <subfield code="h">Αλφαβητική σειρά</subfield>
   <subfield code="p">59390</subfield>
   <subfield code="q">59390</subfield>
   <subfield code="t">NOLOAN</subfield>
   <subfield code="v">vol.13;no.46:(Ημέρες)13-19;(Μήνας)Dec.;(Έτος)2007</subfield>
   <subfield code="y">23</subfield>
  </datafield>
  <datafield tag="852" ind1=" " ind2=" ">
   <subfield code="a">INST</subfield>
   <subfield code="b">UNIPILB</subfield>
   <subfield code="c">SERIALS</subfield>
   <subfield code="e">20080110</subfield>
   <subfield code="h">Αλφαβητική σειρά</subfield>
   <subfield code="p">59391</subfield>
   <subfield code="q">59391</subfield>
   <subfield code="t">NOLOAN</subfield>
   <subfield code="v">vol.13;no.47:(Ημέρα)20;(Μήνας)Dec.-(Ημέρα;(Μήνας)Jan.;(Έτος)2007</subfield>
   <subfield code="y">23</subfield>
  </datafield>
  <datafield tag="852" ind1=" " ind2=" ">
   <subfield code="a">INST</subfield>
   <subfield code="b">UNIPILB</subfield>
   <subfield code="c">SERIALS</subfield>
   <subfield code="e">20080205</subfield>
   <subfield code="h">Αλφαβητική σειρά</subfield>
   <subfield code="p">59597</subfield>
   <subfield code="q">59597</subfield>
   <subfield code="t">NOLOAN</subfield>
   <subfield code="v">vol.14;no.1:(Ημέρες)10-16;(Μήνας)Jan.;(Έτος)2008</subfield>
   <subfield code="y">23</subfield>
  </datafield>
  <datafield tag="852" ind1=" " ind2=" ">
   <subfield code="a">INST</subfield>
   <subfield code="b">UNIPILB</subfield>
   <subfield code="c">SERIALS</subfield>
   <subfield code="e">20080205</subfield>
   <subfield code="h">Αλφαβητική σειρά</subfield>
   <subfield code="p">59598</subfield>
   <subfield code="q">59598</subfield>
   <subfield code="t">NOLOAN</subfield>
   <subfield code="v">vol.14;no.2:(Ημέρες)17-23;(Μήνας)Jan.;(Έτος)2008</subfield>
   <subfield code="y">23</subfield>
  </datafield>
  <datafield tag="852" ind1=" " ind2=" ">
   <subfield code="a">INST</subfield>
   <subfield code="b">UNIPILB</subfield>
   <subfield code="c">SERIALS</subfield>
   <subfield code="e">20080228</subfield>
   <subfield code="h">Αλφαβητική σειρά</subfield>
   <subfield code="p">59914</subfield>
   <subfield code="q">59914</subfield>
   <subfield code="t">NOLOAN</subfield>
   <subfield code="v">vol.14;no.3:(Ημέρες)24-30;(Μήνας)Jan.;(Έτος)2008</subfield>
   <subfield code="y">23</subfield>
  </datafield>
  <datafield tag="852" ind1=" " ind2=" ">
   <subfield code="a">INST</subfield>
   <subfield code="b">UNIPILB</subfield>
   <subfield code="c">SERIALS</subfield>
   <subfield code="e">20080228</subfield>
   <subfield code="h">Αλφαβητική σειρά</subfield>
   <subfield code="p">59915</subfield>
   <subfield code="q">59915</subfield>
   <subfield code="t">NOLOAN</subfield>
   <subfield code="v">vol.14;no.4:(Ημέρα)31;(Μήνας)Jan.-(Ημέρα;(Μήνας)Feb.;(Έτος)2008</subfield>
   <subfield code="y">23</subfield>
  </datafield>
  <datafield tag="852" ind1=" " ind2=" ">
   <subfield code="a">INST</subfield>
   <subfield code="b">UNIPILB</subfield>
   <subfield code="c">SERIALS</subfield>
   <subfield code="e">20080228</subfield>
   <subfield code="h">Αλφαβητική σειρά</subfield>
   <subfield code="p">59916</subfield>
   <subfield code="q">59916</subfield>
   <subfield code="t">NOLOAN</subfield>
   <subfield code="v">vol.14;no.5:(Ημέρες)7-13;(Μήνας)Feb.;(Έτος)2008</subfield>
   <subfield code="y">23</subfield>
  </datafield>
  <datafield tag="852" ind1=" " ind2=" ">
   <subfield code="a">INST</subfield>
   <subfield code="b">UNIPILB</subfield>
   <subfield code="c">SERIALS</subfield>
   <subfield code="e">20080317</subfield>
   <subfield code="h">Αλφαβητική σειρά</subfield>
   <subfield code="p">60203</subfield>
   <subfield code="q">60203</subfield>
   <subfield code="t">NOLOAN</subfield>
   <subfield code="v">vol.14;no.6:(Ημέρες)14-20;(Μήνας)Feb.;(Έτος)2008</subfield>
   <subfield code="y">23</subfield>
  </datafield>
  <datafield tag="852" ind1=" " ind2=" ">
   <subfield code="a">INST</subfield>
   <subfield code="b">UNIPILB</subfield>
   <subfield code="c">SERIALS</subfield>
   <subfield code="e">20080317</subfield>
   <subfield code="h">Αλφαβητική σειρά</subfield>
   <subfield code="p">60204</subfield>
   <subfield code="q">60204</subfield>
   <subfield code="t">NOLOAN</subfield>
   <subfield code="v">vol.14;no.7:(Ημέρες)21-27;(Μήνας)Feb.;(Έτος)2008</subfield>
   <subfield code="y">23</subfield>
  </datafield>
  <datafield tag="852" ind1=" " ind2=" ">
   <subfield code="a">INST</subfield>
   <subfield code="b">UNIPILB</subfield>
   <subfield code="c">SERIALS</subfield>
   <subfield code="e">20080317</subfield>
   <subfield code="h">Αλφαβητική σειρά</subfield>
   <subfield code="p">60205</subfield>
   <subfield code="q">60205</subfield>
   <subfield code="t">NOLOAN</subfield>
   <subfield code="v">vol.14;no.8:(Ημέρα)28;(Μήνας)Feb.-(Ημέρα;(Μήνας)Mar.;(Έτος)2008</subfield>
   <subfield code="y">23</subfield>
  </datafield>
  <datafield tag="852" ind1=" " ind2=" ">
   <subfield code="a">INST</subfield>
   <subfield code="b">UNIPILB</subfield>
   <subfield code="c">SERIALS</subfield>
   <subfield code="e">20080331</subfield>
   <subfield code="h">Αλφαβητική σειρά</subfield>
   <subfield code="p">60339</subfield>
   <subfield code="q">60339</subfield>
   <subfield code="t">NOLOAN</subfield>
   <subfield code="v">vol.14;no.9:(Ημέρες)6-12;(Μήνας)Mar.;(Έτος)2008</subfield>
   <subfield code="y">23</subfield>
  </datafield>
  <datafield tag="852" ind1=" " ind2=" ">
   <subfield code="a">INST</subfield>
   <subfield code="b">UNIPILB</subfield>
   <subfield code="c">SERIALS</subfield>
   <subfield code="e">20080403</subfield>
   <subfield code="h">Αλφαβητική σειρά</subfield>
   <subfield code="p">60423</subfield>
   <subfield code="q">60423</subfield>
   <subfield code="t">NOLOAN</subfield>
   <subfield code="v">vol.14;no.10:(Ημέρες)13-19;(Μήνας)Mar.;(Έτος)2008</subfield>
   <subfield code="y">23</subfield>
  </datafield>
  <datafield tag="852" ind1=" " ind2=" ">
   <subfield code="a">INST</subfield>
   <subfield code="b">UNIPILB</subfield>
   <subfield code="c">SERIALS</subfield>
   <subfield code="e">20080403</subfield>
   <subfield code="h">Αλφαβητική σειρά</subfield>
   <subfield code="p">60424</subfield>
   <subfield code="q">60424</subfield>
   <subfield code="t">NOLOAN</subfield>
   <subfield code="v">vol.14;no.11:(Ημέρες)20-26;(Μήνας)Mar.;(Έτος)2008</subfield>
   <subfield code="y">23</subfield>
  </datafield>
  <datafield tag="852" ind1=" " ind2=" ">
   <subfield code="a">INST</subfield>
   <subfield code="b">UNIPILB</subfield>
   <subfield code="c">SERIALS</subfield>
   <subfield code="e">20080603</subfield>
   <subfield code="h">Αλφαβητική σειρά</subfield>
   <subfield code="p">60657</subfield>
   <subfield code="q">60657</subfield>
   <subfield code="t">NOLOAN</subfield>
   <subfield code="v">vol.14;no.12:(Ημέρα)27;(Μήνας)Mar.-(Ημέρα;(Μήνας)Apr.;(Έτος)2008</subfield>
   <subfield code="y">23</subfield>
  </datafield>
  <datafield tag="852" ind1=" " ind2=" ">
   <subfield code="a">INST</subfield>
   <subfield code="b">UNIPILB</subfield>
   <subfield code="c">SERIALS</subfield>
   <subfield code="e">20080603</subfield>
   <subfield code="h">Αλφαβητική σειρά</subfield>
   <subfield code="p">60658</subfield>
   <subfield code="q">60658</subfield>
   <subfield code="t">NOLOAN</subfield>
   <subfield code="v">vol.14;no.13:(Ημέρες)3-9;(Μήνας)Apr.;(Έτος)2008</subfield>
   <subfield code="y">23</subfield>
  </datafield>
  <datafield tag="852" ind1=" " ind2=" ">
   <subfield code="a">INST</subfield>
   <subfield code="b">UNIPILB</subfield>
   <subfield code="c">SERIALS</subfield>
   <subfield code="e">20080603</subfield>
   <subfield code="h">Αλφαβητική σειρά</subfield>
   <subfield code="p">60659</subfield>
   <subfield code="q">60659</subfield>
   <subfield code="t">NOLOAN</subfield>
   <subfield code="v">vol.14;no.14:(Ημέρες)10-16;(Μήνας)Apr.;(Έτος)2008</subfield>
   <subfield code="y">23</subfield>
  </datafield>
  <datafield tag="852" ind1=" " ind2=" ">
   <subfield code="a">INST</subfield>
   <subfield code="b">UNIPILB</subfield>
   <subfield code="c">SERIALS</subfield>
   <subfield code="e">20080603</subfield>
   <subfield code="h">Αλφαβητική σειρά</subfield>
   <subfield code="p">60660</subfield>
   <subfield code="q">60660</subfield>
   <subfield code="t">NOLOAN</subfield>
   <subfield code="v">vol.14;no.15:(Ημέρες)17-23;(Μήνας)Apr.;(Έτος)2008</subfield>
   <subfield code="y">23</subfield>
  </datafield>
  <datafield tag="852" ind1=" " ind2=" ">
   <subfield code="a">INST</subfield>
   <subfield code="b">UNIPILB</subfield>
   <subfield code="c">SERIALS</subfield>
   <subfield code="e">20080603</subfield>
   <subfield code="h">Αλφαβητική σειρά</subfield>
   <subfield code="p">60661</subfield>
   <subfield code="q">60661</subfield>
   <subfield code="t">NOLOAN</subfield>
   <subfield code="v">vol.14;no.16:(Ημέρες)24-30;(Μήνας)Apr.;(Έτος)2008</subfield>
   <subfield code="y">23</subfield>
  </datafield>
  <datafield tag="852" ind1=" " ind2=" ">
   <subfield code="a">INST</subfield>
   <subfield code="b">UNIPILB</subfield>
   <subfield code="c">SERIALS</subfield>
   <subfield code="e">20080603</subfield>
   <subfield code="h">Αλφαβητική σειρά</subfield>
   <subfield code="p">60662</subfield>
   <subfield code="q">60662</subfield>
   <subfield code="t">NOLOAN</subfield>
   <subfield code="v">vol.14;no.17:(Ημέρες)1-7;(Μήνας)May;(Έτος)2008</subfield>
   <subfield code="y">23</subfield>
  </datafield>
  <datafield tag="852" ind1=" " ind2=" ">
   <subfield code="a">INST</subfield>
   <subfield code="b">UNIPILB</subfield>
   <subfield code="c">SERIALS</subfield>
   <subfield code="e">20080603</subfield>
   <subfield code="h">Αλφαβητική σειρά</subfield>
   <subfield code="p">60663</subfield>
   <subfield code="q">60663</subfield>
   <subfield code="t">NOLOAN</subfield>
   <subfield code="v">vol.14;no.18:(Ημέρες)8-14;(Μήνας)May;(Έτος)2008</subfield>
   <subfield code="y">23</subfield>
  </datafield>
  <datafield tag="852" ind1=" " ind2=" ">
   <subfield code="a">INST</subfield>
   <subfield code="b">UNIPILB</subfield>
   <subfield code="c">SERIALS</subfield>
   <subfield code="e">20080603</subfield>
   <subfield code="h">Αλφαβητική σειρά</subfield>
   <subfield code="p">60664</subfield>
   <subfield code="q">60664</subfield>
   <subfield code="t">NOLOAN</subfield>
   <subfield code="v">vol.14;no.19:(Ημέρες)15-21;(Μήνας)May;(Έτος)2008</subfield>
   <subfield code="y">23</subfield>
  </datafield>
  <datafield tag="852" ind1=" " ind2=" ">
   <subfield code="a">INST</subfield>
   <subfield code="b">UNIPILB</subfield>
   <subfield code="c">SERIALS</subfield>
   <subfield code="e">20080715</subfield>
   <subfield code="h">Αλφαβητική σειρά</subfield>
   <subfield code="p">61039</subfield>
   <subfield code="q">61039</subfield>
   <subfield code="t">NOLOAN</subfield>
   <subfield code="v">vol.14;no.20:(Ημέρες)22-28;(Μήνας)May;(Έτος)2008</subfield>
   <subfield code="y">23</subfield>
  </datafield>
  <datafield tag="852" ind1=" " ind2=" ">
   <subfield code="a">INST</subfield>
   <subfield code="b">UNIPILB</subfield>
   <subfield code="c">SERIALS</subfield>
   <subfield code="e">20080715</subfield>
   <subfield code="h">Αλφαβητική σειρά</subfield>
   <subfield code="p">61040</subfield>
   <subfield code="q">61040</subfield>
   <subfield code="t">NOLOAN</subfield>
   <subfield code="v">vol.14;no.21:(Ημέρα)29;(Μήνας)May-(Ημέρα;(Μήνας)Jun.;(Έτος)2008</subfield>
   <subfield code="y">23</subfield>
  </datafield>
  <datafield tag="852" ind1=" " ind2=" ">
   <subfield code="a">INST</subfield>
   <subfield code="b">UNIPILB</subfield>
   <subfield code="c">SERIALS</subfield>
   <subfield code="e">20080715</subfield>
   <subfield code="h">Αλφαβητική σειρά</subfield>
   <subfield code="p">61041</subfield>
   <subfield code="q">61041</subfield>
   <subfield code="t">NOLOAN</subfield>
   <subfield code="v">vol.14;no.22:(Ημέρες)5-11;(Μήνας)Jun.;(Έτος)2008</subfield>
   <subfield code="y">23</subfield>
  </datafield>
  <datafield tag="852" ind1=" " ind2=" ">
   <subfield code="a">INST</subfield>
   <subfield code="b">UNIPILB</subfield>
   <subfield code="c">SERIALS</subfield>
   <subfield code="e">20080715</subfield>
   <subfield code="h">Αλφαβητική σειρά</subfield>
   <subfield code="p">61042</subfield>
   <subfield code="q">61042</subfield>
   <subfield code="t">NOLOAN</subfield>
   <subfield code="v">vol.14;no.23:(Ημέρες)12-18;(Μήνας)Jun.;(Έτος)2008</subfield>
   <subfield code="y">23</subfield>
  </datafield>
  <datafield tag="852" ind1=" " ind2=" ">
   <subfield code="a">INST</subfield>
   <subfield code="b">UNIPILB</subfield>
   <subfield code="c">SERIALS</subfield>
   <subfield code="e">20080715</subfield>
   <subfield code="h">Αλφαβητική σειρά</subfield>
   <subfield code="p">61043</subfield>
   <subfield code="q">61043</subfield>
   <subfield code="t">NOLOAN</subfield>
   <subfield code="v">vol.14;no.24:(Ημέρες)19-25;(Μήνας)Jun.;(Έτος)2008</subfield>
   <subfield code="y">23</subfield>
  </datafield>
  <datafield tag="852" ind1=" " ind2=" ">
   <subfield code="a">INST</subfield>
   <subfield code="b">UNIPILB</subfield>
   <subfield code="c">SERIALS</subfield>
   <subfield code="e">20091209</subfield>
   <subfield code="h">Αλφαβητική σειρά</subfield>
   <subfield code="p">65722</subfield>
   <subfield code="q">65722</subfield>
   <subfield code="t">NOLOAN</subfield>
   <subfield code="v">vol.15;no.1:(Ημέρες)8-14;(Μήνας)Jan.;(Έτος)2009</subfield>
   <subfield code="y">23</subfield>
  </datafield>
  <datafield tag="852" ind1=" " ind2=" ">
   <subfield code="a">INST</subfield>
   <subfield code="b">UNIPILB</subfield>
   <subfield code="c">SERIALS</subfield>
   <subfield code="e">20091209</subfield>
   <subfield code="h">Αλφαβητική σειρά</subfield>
   <subfield code="p">65723</subfield>
   <subfield code="q">65723</subfield>
   <subfield code="t">NOLOAN</subfield>
   <subfield code="v">vol.15;no.5:(Ημέρες)5-11;(Μήνας)Feb.;(Έτος)2009</subfield>
   <subfield code="y">23</subfield>
  </datafield>
  <datafield tag="852" ind1=" " ind2=" ">
   <subfield code="a">INST</subfield>
   <subfield code="b">UNIPILB</subfield>
   <subfield code="c">SERIALS</subfield>
   <subfield code="e">20091209</subfield>
   <subfield code="h">Αλφαβητική σειρά</subfield>
   <subfield code="p">65724</subfield>
   <subfield code="q">65724</subfield>
   <subfield code="t">NOLOAN</subfield>
   <subfield code="v">vol.15;no.11:(Ημέρες)19-25;(Μήνας)Mar.;(Έτος)2009</subfield>
   <subfield code="y">23</subfield>
  </datafield>
  <datafield tag="852" ind1=" " ind2=" ">
   <subfield code="a">INST</subfield>
   <subfield code="b">UNIPILB</subfield>
   <subfield code="c">SERIALS</subfield>
   <subfield code="e">20091209</subfield>
   <subfield code="h">Αλφαβητική σειρά</subfield>
   <subfield code="p">65725</subfield>
   <subfield code="q">65725</subfield>
   <subfield code="t">NOLOAN</subfield>
   <subfield code="v">vol.15;no.12:(Ημέρα)26;(Μήνας)Mar.-(Ημέρα;(Μήνας)Apr.;(Έτος)2009</subfield>
   <subfield code="y">23</subfield>
  </datafield>
  <datafield tag="852" ind1=" " ind2=" ">
   <subfield code="a">INST</subfield>
   <subfield code="b">UNIPILB</subfield>
   <subfield code="c">SERIALS</subfield>
   <subfield code="e">20091209</subfield>
   <subfield code="h">Αλφαβητική σειρά</subfield>
   <subfield code="p">65726</subfield>
   <subfield code="q">65726</subfield>
   <subfield code="t">NOLOAN</subfield>
   <subfield code="v">vol.15;no.13:(Ημέρες)2-8;(Μήνας)Apr.;(Έτος)2009</subfield>
   <subfield code="y">23</subfield>
  </datafield>
  <datafield tag="852" ind1=" " ind2=" ">
   <subfield code="a">INST</subfield>
   <subfield code="b">UNIPILB</subfield>
   <subfield code="c">SERIALS</subfield>
   <subfield code="e">20091209</subfield>
   <subfield code="h">Αλφαβητική σειρά</subfield>
   <subfield code="p">65727</subfield>
   <subfield code="q">65727</subfield>
   <subfield code="t">NOLOAN</subfield>
   <subfield code="v">vol.15;no.15:(Ημέρες)16-22;(Μήνας)Apr.;(Έτος)2009</subfield>
   <subfield code="y">23</subfield>
  </datafield>
  <datafield tag="852" ind1=" " ind2=" ">
   <subfield code="a">INST</subfield>
   <subfield code="b">UNIPILB</subfield>
   <subfield code="c">SERIALS</subfield>
   <subfield code="e">20091209</subfield>
   <subfield code="h">Αλφαβητική σειρά</subfield>
   <subfield code="p">65728</subfield>
   <subfield code="q">65728</subfield>
   <subfield code="t">NOLOAN</subfield>
   <subfield code="v">vol.15;no.28:(Ημέρες)16-22;(Μήνας)Jul.;(Έτος)2009</subfield>
   <subfield code="y">23</subfield>
  </datafield>
  <datafield tag="852" ind1=" " ind2=" ">
   <subfield code="a">INST</subfield>
   <subfield code="b">UNIPILB</subfield>
   <subfield code="c">SERIALS</subfield>
   <subfield code="e">20091209</subfield>
   <subfield code="h">Αλφαβητική σειρά</subfield>
   <subfield code="p">65729</subfield>
   <subfield code="q">65729</subfield>
   <subfield code="t">NOLOAN</subfield>
   <subfield code="v">vol.15;no.29:(Ημέρες)23-29;(Μήνας)Jul.;(Έτος)2009</subfield>
   <subfield code="y">23</subfield>
  </datafield>
  <datafield tag="852" ind1=" " ind2=" ">
   <subfield code="a">INST</subfield>
   <subfield code="b">UNIPILB</subfield>
   <subfield code="c">SERIALS</subfield>
   <subfield code="e">20091209</subfield>
   <subfield code="h">Αλφαβητική σειρά</subfield>
   <subfield code="p">65730</subfield>
   <subfield code="q">65730</subfield>
   <subfield code="t">NOLOAN</subfield>
   <subfield code="v">vol.15;no.35:(Ημέρες)24-30;(Μήνας)Sep.;(Έτος)2009</subfield>
   <subfield code="y">23</subfield>
  </datafield>
  <datafield tag="852" ind1=" " ind2=" ">
   <subfield code="a">INST</subfield>
   <subfield code="b">UNIPILB</subfield>
   <subfield code="c">SERIALS</subfield>
   <subfield code="e">20091216</subfield>
   <subfield code="h">Αλφαβητική σειρά</subfield>
   <subfield code="p">65904</subfield>
   <subfield code="q">65904</subfield>
   <subfield code="t">NOLOAN</subfield>
   <subfield code="v">vol.15;no.45:(Ημέρες)3-9;(Μήνας)Dec.;(Έτος)2009</subfield>
   <subfield code="y">23</subfield>
  </datafield>
  <datafield tag="852" ind1=" " ind2=" ">
   <subfield code="a">INST</subfield>
   <subfield code="b">UNIPILB</subfield>
   <subfield code="c">SERIALS</subfield>
   <subfield code="e">20091216</subfield>
   <subfield code="h">Αλφαβητική σειρά</subfield>
   <subfield code="p">65906</subfield>
   <subfield code="q">65906</subfield>
   <subfield code="t">NOLOAN</subfield>
   <subfield code="v">vol.15;no.44:(Ημέρα)26;(Μήνας)Nov.-(Ημέρα;(Μήνας)Dec.;(Έτος)2009</subfield>
   <subfield code="y">23</subfield>
  </datafield>
  <datafield tag="852" ind1=" " ind2=" ">
   <subfield code="a">INST</subfield>
   <subfield code="b">UNIPILB</subfield>
   <subfield code="c">SERIALS</subfield>
   <subfield code="e">20091216</subfield>
   <subfield code="h">Αλφαβητική σειρά</subfield>
   <subfield code="p">65907</subfield>
   <subfield code="q">65907</subfield>
   <subfield code="t">NOLOAN</subfield>
   <subfield code="v">vol.15;no.43:(Ημέρες)19-25;(Μήνας)Nov.;(Έτος)2009</subfield>
   <subfield code="y">23</subfield>
  </datafield>
  <datafield tag="852" ind1=" " ind2=" ">
   <subfield code="a">INST</subfield>
   <subfield code="b">UNIPILB</subfield>
   <subfield code="c">SERIALS</subfield>
   <subfield code="e">20091216</subfield>
   <subfield code="h">Αλφαβητική σειρά</subfield>
   <subfield code="p">65908</subfield>
   <subfield code="q">65908</subfield>
   <subfield code="t">NOLOAN</subfield>
   <subfield code="v">vol.15;no.42:(Ημέρες)12-18;(Μήνας)Nov.;(Έτος)2009</subfield>
   <subfield code="y">23</subfield>
  </datafield>
  <datafield tag="852" ind1=" " ind2=" ">
   <subfield code="a">INST</subfield>
   <subfield code="b">UNIPILB</subfield>
   <subfield code="c">SERIALS</subfield>
   <subfield code="e">20091216</subfield>
   <subfield code="h">Αλφαβητική σειρά</subfield>
   <subfield code="p">65909</subfield>
   <subfield code="q">65909</subfield>
   <subfield code="t">NOLOAN</subfield>
   <subfield code="v">vol.15;no.41:(Ημέρες)5-11;(Μήνας)Nov.;(Έτος)2009</subfield>
   <subfield code="y">23</subfield>
  </datafield>
  <datafield tag="852" ind1=" " ind2=" ">
   <subfield code="a">INST</subfield>
   <subfield code="b">UNIPILB</subfield>
   <subfield code="c">SERIALS</subfield>
   <subfield code="e">20091216</subfield>
   <subfield code="h">Αλφαβητική σειρά</subfield>
   <subfield code="p">65910</subfield>
   <subfield code="q">65910</subfield>
   <subfield code="t">NOLOAN</subfield>
   <subfield code="v">vol.15;no.40:(Ημέρα)29;(Μήνας)Oct.-(Ημέρα;(Μήνας)Nov.;(Έτος)2009</subfield>
   <subfield code="y">23</subfield>
  </datafield>
  <datafield tag="852" ind1=" " ind2=" ">
   <subfield code="a">INST</subfield>
   <subfield code="b">UNIPILB</subfield>
   <subfield code="c">SERIALS</subfield>
   <subfield code="e">20091216</subfield>
   <subfield code="h">Αλφαβητική σειρά</subfield>
   <subfield code="p">65911</subfield>
   <subfield code="q">65911</subfield>
   <subfield code="t">NOLOAN</subfield>
   <subfield code="v">vol.15;no.39:(Ημέρες)22-28;(Μήνας)Oct.;(Έτος)2009</subfield>
   <subfield code="y">23</subfield>
  </datafield>
  <datafield tag="852" ind1=" " ind2=" ">
   <subfield code="a">INST</subfield>
   <subfield code="b">UNIPILB</subfield>
   <subfield code="c">SERIALS</subfield>
   <subfield code="e">20091216</subfield>
   <subfield code="h">Αλφαβητική σειρά</subfield>
   <subfield code="p">65912</subfield>
   <subfield code="q">65912</subfield>
   <subfield code="t">NOLOAN</subfield>
   <subfield code="v">vol.15;no.38:(Ημέρες)15-21;(Μήνας)Oct.;(Έτος)2009</subfield>
   <subfield code="y">23</subfield>
  </datafield>
  <datafield tag="852" ind1=" " ind2=" ">
   <subfield code="a">INST</subfield>
   <subfield code="b">UNIPILB</subfield>
   <subfield code="c">SERIALS</subfield>
   <subfield code="e">20091216</subfield>
   <subfield code="h">Αλφαβητική σειρά</subfield>
   <subfield code="p">65913</subfield>
   <subfield code="q">65913</subfield>
   <subfield code="t">NOLOAN</subfield>
   <subfield code="v">vol.15;no.37:(Ημέρες)8-14;(Μήνας)Oct.;(Έτος)2009</subfield>
   <subfield code="y">23</subfield>
  </datafield>
  <datafield tag="852" ind1=" " ind2=" ">
   <subfield code="a">INST</subfield>
   <subfield code="b">UNIPILB</subfield>
   <subfield code="c">SERIALS</subfield>
   <subfield code="e">20091216</subfield>
   <subfield code="h">Αλφαβητική σειρά</subfield>
   <subfield code="p">65914</subfield>
   <subfield code="q">65914</subfield>
   <subfield code="t">NOLOAN</subfield>
   <subfield code="v">vol.15;no.36:(Ημέρες)1-7;(Μήνας)Oct.;(Έτος)2009</subfield>
   <subfield code="y">23</subfield>
  </datafield>
  <datafield tag="852" ind1=" " ind2=" ">
   <subfield code="a">INST</subfield>
   <subfield code="b">UNIPILB</subfield>
   <subfield code="c">SERIALS</subfield>
   <subfield code="e">20091216</subfield>
   <subfield code="h">Αλφαβητική σειρά</subfield>
   <subfield code="p">65915</subfield>
   <subfield code="q">65915</subfield>
   <subfield code="t">NOLOAN</subfield>
   <subfield code="v">vol.15;no.34:(Ημέρες)17-23;(Μήνας)Sep.;(Έτος)2009</subfield>
   <subfield code="y">23</subfield>
  </datafield>
  <datafield tag="852" ind1=" " ind2=" ">
   <subfield code="a">INST</subfield>
   <subfield code="b">UNIPILB</subfield>
   <subfield code="c">SERIALS</subfield>
   <subfield code="e">20091216</subfield>
   <subfield code="h">Αλφαβητική σειρά</subfield>
   <subfield code="p">65916</subfield>
   <subfield code="q">65916</subfield>
   <subfield code="t">NOLOAN</subfield>
   <subfield code="v">vol.15;no.33:(Ημέρες)10-16;(Μήνας)Sep.;(Έτος)2009</subfield>
   <subfield code="y">23</subfield>
  </datafield>
  <datafield tag="852" ind1=" " ind2=" ">
   <subfield code="a">INST</subfield>
   <subfield code="b">UNIPILB</subfield>
   <subfield code="c">SERIALS</subfield>
   <subfield code="e">20091216</subfield>
   <subfield code="h">Αλφαβητική σειρά</subfield>
   <subfield code="p">65917</subfield>
   <subfield code="q">65917</subfield>
   <subfield code="t">NOLOAN</subfield>
   <subfield code="v">vol.15;no.32:(Ημέρες)3-9;(Μήνας)Sep.;(Έτος)2009</subfield>
   <subfield code="y">23</subfield>
  </datafield>
  <datafield tag="852" ind1=" " ind2=" ">
   <subfield code="a">INST</subfield>
   <subfield code="b">UNIPILB</subfield>
   <subfield code="c">SERIALS</subfield>
   <subfield code="e">20091216</subfield>
   <subfield code="h">Αλφαβητική σειρά</subfield>
   <subfield code="p">65922</subfield>
   <subfield code="q">65922</subfield>
   <subfield code="t">NOLOAN</subfield>
   <subfield code="v">vol.15;no.28:(Ημέρες)9-15;(Μήνας)Jul.;(Έτος)2009</subfield>
   <subfield code="y">23</subfield>
  </datafield>
  <datafield tag="852" ind1=" " ind2=" ">
   <subfield code="a">INST</subfield>
   <subfield code="b">UNIPILB</subfield>
   <subfield code="c">SERIALS</subfield>
   <subfield code="e">20091216</subfield>
   <subfield code="h">Αλφαβητική σειρά</subfield>
   <subfield code="p">65923</subfield>
   <subfield code="q">65923</subfield>
   <subfield code="t">NOLOAN</subfield>
   <subfield code="v">vol.15;no.26:(Ημέρες)2-8;(Μήνας)Jul.;(Έτος)2009</subfield>
   <subfield code="y">23</subfield>
  </datafield>
  <datafield tag="852" ind1=" " ind2=" ">
   <subfield code="a">INST</subfield>
   <subfield code="b">UNIPILB</subfield>
   <subfield code="c">SERIALS</subfield>
   <subfield code="e">20091216</subfield>
   <subfield code="h">Αλφαβητική σειρά</subfield>
   <subfield code="p">65925</subfield>
   <subfield code="q">65925</subfield>
   <subfield code="t">NOLOAN</subfield>
   <subfield code="v">vol.15;no.4:(Ημέρα)29;(Μήνας)Jan.-(Ημέρα;(Μήνας)Feb.;(Έτος)2009</subfield>
   <subfield code="y">23</subfield>
  </datafield>
  <datafield tag="852" ind1=" " ind2=" ">
   <subfield code="a">INST</subfield>
   <subfield code="b">UNIPILB</subfield>
   <subfield code="c">SERIALS</subfield>
   <subfield code="e">20091216</subfield>
   <subfield code="h">Αλφαβητική σειρά</subfield>
   <subfield code="p">65926</subfield>
   <subfield code="q">65926</subfield>
   <subfield code="t">NOLOAN</subfield>
   <subfield code="v">vol.15;no.6:(Ημέρες)12-18;(Μήνας)Feb.;(Έτος)2009</subfield>
   <subfield code="y">23</subfield>
  </datafield>
  <datafield tag="852" ind1=" " ind2=" ">
   <subfield code="a">INST</subfield>
   <subfield code="b">UNIPILB</subfield>
   <subfield code="c">SERIALS</subfield>
   <subfield code="e">20091216</subfield>
   <subfield code="h">Αλφαβητική σειρά</subfield>
   <subfield code="p">65927</subfield>
   <subfield code="q">65927</subfield>
   <subfield code="t">NOLOAN</subfield>
   <subfield code="v">vol.15;no.7:(Ημέρες)19-25;(Μήνας)Feb.;(Έτος)2009</subfield>
   <subfield code="y">23</subfield>
  </datafield>
  <datafield tag="852" ind1=" " ind2=" ">
   <subfield code="a">INST</subfield>
   <subfield code="b">UNIPILB</subfield>
   <subfield code="c">SERIALS</subfield>
   <subfield code="e">20091216</subfield>
   <subfield code="h">Αλφαβητική σειρά</subfield>
   <subfield code="p">65928</subfield>
   <subfield code="q">65928</subfield>
   <subfield code="t">NOLOAN</subfield>
   <subfield code="v">vol.15;no.8:(Ημέρα)26;(Μήνας)Feb.-(Ημέρα;(Μήνας)Mar.;(Έτος)2009</subfield>
   <subfield code="y">23</subfield>
  </datafield>
  <datafield tag="852" ind1=" " ind2=" ">
   <subfield code="a">INST</subfield>
   <subfield code="b">UNIPILB</subfield>
   <subfield code="c">SERIALS</subfield>
   <subfield code="e">20091216</subfield>
   <subfield code="h">Αλφαβητική σειρά</subfield>
   <subfield code="p">65929</subfield>
   <subfield code="q">65929</subfield>
   <subfield code="t">NOLOAN</subfield>
   <subfield code="v">vol.15;no.9:(Ημέρες)5-11;(Μήνας)Mar.;(Έτος)2009</subfield>
   <subfield code="y">23</subfield>
  </datafield>
  <datafield tag="852" ind1=" " ind2=" ">
   <subfield code="a">INST</subfield>
   <subfield code="b">UNIPILB</subfield>
   <subfield code="c">SERIALS</subfield>
   <subfield code="e">20091216</subfield>
   <subfield code="h">Αλφαβητική σειρά</subfield>
   <subfield code="p">65930</subfield>
   <subfield code="q">65930</subfield>
   <subfield code="t">NOLOAN</subfield>
   <subfield code="v">vol.15;no.10:(Ημέρες)12-18;(Μήνας)Mar.;(Έτος)2009</subfield>
   <subfield code="y">23</subfield>
  </datafield>
  <datafield tag="852" ind1=" " ind2=" ">
   <subfield code="a">INST</subfield>
   <subfield code="b">UNIPILB</subfield>
   <subfield code="c">SERIALS</subfield>
   <subfield code="e">20091216</subfield>
   <subfield code="h">Αλφαβητική σειρά</subfield>
   <subfield code="p">65931</subfield>
   <subfield code="q">65931</subfield>
   <subfield code="t">NOLOAN</subfield>
   <subfield code="v">vol.15;no.14:(Ημέρες)9-15;(Μήνας)Apr.;(Έτος)2009</subfield>
   <subfield code="y">23</subfield>
  </datafield>
  <datafield tag="852" ind1=" " ind2=" ">
   <subfield code="a">INST</subfield>
   <subfield code="b">UNIPILB</subfield>
   <subfield code="c">SERIALS</subfield>
   <subfield code="e">20091216</subfield>
   <subfield code="h">Αλφαβητική σειρά</subfield>
   <subfield code="p">65932</subfield>
   <subfield code="q">65932</subfield>
   <subfield code="t">NOLOAN</subfield>
   <subfield code="v">vol.15;no.16:(Ημέρες)23-29;(Μήνας)Apr.;(Έτος)2009</subfield>
   <subfield code="y">23</subfield>
  </datafield>
  <datafield tag="852" ind1=" " ind2=" ">
   <subfield code="a">INST</subfield>
   <subfield code="b">UNIPILB</subfield>
   <subfield code="c">SERIALS</subfield>
   <subfield code="e">20091216</subfield>
   <subfield code="h">Αλφαβητική σειρά</subfield>
   <subfield code="p">65933</subfield>
   <subfield code="q">65933</subfield>
   <subfield code="t">NOLOAN</subfield>
   <subfield code="v">vol.15;no.17:(Ημέρα)30;(Μήνας)Apr.-(Ημέρα;(Μήνας)May;(Έτος)2009</subfield>
   <subfield code="y">23</subfield>
  </datafield>
  <datafield tag="852" ind1=" " ind2=" ">
   <subfield code="a">INST</subfield>
   <subfield code="b">UNIPILB</subfield>
   <subfield code="c">SERIALS</subfield>
   <subfield code="e">20091216</subfield>
   <subfield code="h">Αλφαβητική σειρά</subfield>
   <subfield code="p">65934</subfield>
   <subfield code="q">65934</subfield>
   <subfield code="t">NOLOAN</subfield>
   <subfield code="v">vol.15;no.18:(Ημέρες)7-13;(Μήνας)May;(Έτος)2009</subfield>
   <subfield code="y">23</subfield>
  </datafield>
  <datafield tag="852" ind1=" " ind2=" ">
   <subfield code="a">INST</subfield>
   <subfield code="b">UNIPILB</subfield>
   <subfield code="c">SERIALS</subfield>
   <subfield code="e">20091216</subfield>
   <subfield code="h">Αλφαβητική σειρά</subfield>
   <subfield code="p">65935</subfield>
   <subfield code="q">65935</subfield>
   <subfield code="t">NOLOAN</subfield>
   <subfield code="v">vol.15;no.19:(Ημέρες)14-20;(Μήνας)May;(Έτος)2009</subfield>
   <subfield code="y">23</subfield>
  </datafield>
  <datafield tag="852" ind1=" " ind2=" ">
   <subfield code="a">INST</subfield>
   <subfield code="b">UNIPILB</subfield>
   <subfield code="c">SERIALS</subfield>
   <subfield code="e">20091216</subfield>
   <subfield code="h">Αλφαβητική σειρά</subfield>
   <subfield code="p">65936</subfield>
   <subfield code="q">65936</subfield>
   <subfield code="t">NOLOAN</subfield>
   <subfield code="v">vol.15;no.20:(Ημέρες)20-27;(Μήνας)May;(Έτος)2009</subfield>
   <subfield code="y">23</subfield>
  </datafield>
  <datafield tag="852" ind1=" " ind2=" ">
   <subfield code="a">INST</subfield>
   <subfield code="b">UNIPILB</subfield>
   <subfield code="c">SERIALS</subfield>
   <subfield code="e">20091216</subfield>
   <subfield code="h">Αλφαβητική σειρά</subfield>
   <subfield code="p">65937</subfield>
   <subfield code="q">65937</subfield>
   <subfield code="t">NOLOAN</subfield>
   <subfield code="v">vol.15;no.21:(Ημέρα)28;(Μήνας)May-(Ημέρα;(Μήνας)Jun.;(Έτος)2009</subfield>
   <subfield code="y">23</subfield>
  </datafield>
  <datafield tag="852" ind1=" " ind2=" ">
   <subfield code="a">INST</subfield>
   <subfield code="b">UNIPILB</subfield>
   <subfield code="c">SERIALS</subfield>
   <subfield code="e">20091216</subfield>
   <subfield code="h">Αλφαβητική σειρά</subfield>
   <subfield code="p">65938</subfield>
   <subfield code="q">65938</subfield>
   <subfield code="t">NOLOAN</subfield>
   <subfield code="v">vol.15;no.22:(Ημέρες)4-10;(Μήνας)Jun.;(Έτος)2009</subfield>
   <subfield code="y">23</subfield>
  </datafield>
  <datafield tag="852" ind1=" " ind2=" ">
   <subfield code="a">INST</subfield>
   <subfield code="b">UNIPILB</subfield>
   <subfield code="c">SERIALS</subfield>
   <subfield code="e">20091216</subfield>
   <subfield code="h">Αλφαβητική σειρά</subfield>
   <subfield code="p">65939</subfield>
   <subfield code="q">65939</subfield>
   <subfield code="t">NOLOAN</subfield>
   <subfield code="v">vol.15;no.23:(Ημέρες)11-17;(Μήνας)Jun.;(Έτος)2009</subfield>
   <subfield code="y">23</subfield>
  </datafield>
  <datafield tag="852" ind1=" " ind2=" ">
   <subfield code="a">INST</subfield>
   <subfield code="b">UNIPILB</subfield>
   <subfield code="c">SERIALS</subfield>
   <subfield code="e">20091216</subfield>
   <subfield code="h">Αλφαβητική σειρά</subfield>
   <subfield code="p">65940</subfield>
   <subfield code="q">65940</subfield>
   <subfield code="t">NOLOAN</subfield>
   <subfield code="v">vol.15;no.24:(Ημέρες)18-24;(Μήνας)Jun.;(Έτος)2009</subfield>
   <subfield code="y">23</subfield>
  </datafield>
  <datafield tag="852" ind1=" " ind2=" ">
   <subfield code="a">INST</subfield>
   <subfield code="b">UNIPILB</subfield>
   <subfield code="c">SERIALS</subfield>
   <subfield code="e">20091216</subfield>
   <subfield code="h">Αλφαβητική σειρά</subfield>
   <subfield code="p">65941</subfield>
   <subfield code="q">65941</subfield>
   <subfield code="t">NOLOAN</subfield>
   <subfield code="v">vol.15;no.25:(Ημέρα)25;(Μήνας)Jun.-(Ημέρα;(Μήνας)Jul.;(Έτος)2009</subfield>
   <subfield code="y">23</subfield>
  </datafield>
  <datafield tag="852" ind1=" " ind2=" ">
   <subfield code="a">INST</subfield>
   <subfield code="b">UNIPILB</subfield>
   <subfield code="c">SERIALS</subfield>
   <subfield code="e">20091216</subfield>
   <subfield code="h">Αλφαβητική σειρά</subfield>
   <subfield code="p">65942</subfield>
   <subfield code="q">65942</subfield>
   <subfield code="t">NOLOAN</subfield>
   <subfield code="v">vol.15;no.31:(Ημέρα)27;(Μήνας)Aug.-(Ημέρα;(Μήνας)Sep.;(Έτος)2009</subfield>
   <subfield code="y">23</subfield>
  </datafield>
  <datafield tag="852" ind1=" " ind2=" ">
   <subfield code="a">INST</subfield>
   <subfield code="b">UNIPILB</subfield>
   <subfield code="c">SERIALS</subfield>
   <subfield code="e">20091216</subfield>
   <subfield code="h">Αλφαβητική σειρά</subfield>
   <subfield code="p">65943</subfield>
   <subfield code="q">65943</subfield>
   <subfield code="t">NOLOAN</subfield>
   <subfield code="v">vol.15;no.2:(Ημέρες)15-21;(Μήνας)Jan.;(Έτος)2009</subfield>
   <subfield code="y">23</subfield>
  </datafield>
  <datafield tag="852" ind1=" " ind2=" ">
   <subfield code="a">INST</subfield>
   <subfield code="b">UNIPILB</subfield>
   <subfield code="c">SERIALS</subfield>
   <subfield code="e">20091216</subfield>
   <subfield code="h">Αλφαβητική σειρά</subfield>
   <subfield code="p">65944</subfield>
   <subfield code="q">65944</subfield>
   <subfield code="t">NOLOAN</subfield>
   <subfield code="v">vol.15;no.3:(Ημέρες)22-28;(Μήνας)Jan.;(Έτος)2009</subfield>
   <subfield code="y">23</subfield>
  </datafield>
  <datafield tag="852" ind1=" " ind2=" ">
   <subfield code="a">INST</subfield>
   <subfield code="b">UNIPILB</subfield>
   <subfield code="c">SERIALS</subfield>
   <subfield code="e">20100223</subfield>
   <subfield code="h">Αλφαβητική σειρά</subfield>
   <subfield code="p">67046</subfield>
   <subfield code="q">67046</subfield>
   <subfield code="t">NOLOAN</subfield>
   <subfield code="v">vol.15;no.46:(Ημέρες)10-16;(Μήνας)Dec.;(Έτος)2009</subfield>
   <subfield code="y">23</subfield>
  </datafield>
  <datafield tag="852" ind1=" " ind2=" ">
   <subfield code="a">INST</subfield>
   <subfield code="b">UNIPILB</subfield>
   <subfield code="c">SERIALS</subfield>
   <subfield code="e">20100223</subfield>
   <subfield code="h">Αλφαβητική σειρά</subfield>
   <subfield code="p">67059</subfield>
   <subfield code="q">67059</subfield>
   <subfield code="t">NOLOAN</subfield>
   <subfield code="v">vol.15;no.47:(Μήνες)Dec.-Jan.;(Έτη)2009-2010</subfield>
   <subfield code="y">23</subfield>
  </datafield>
  <datafield tag="852" ind1=" " ind2=" ">
   <subfield code="a">INST</subfield>
   <subfield code="b">UNIPILB</subfield>
   <subfield code="c">SERIALS</subfield>
   <subfield code="e">20100706</subfield>
   <subfield code="h">Αλφαβητική σειρά</subfield>
   <subfield code="p">69408</subfield>
   <subfield code="q">69408</subfield>
   <subfield code="t">NOLOAN</subfield>
   <subfield code="v">vol.16;no.23:(Ημέρες)10-16;(Μήνας)Jun.;(Έτος)2010</subfield>
   <subfield code="y">23</subfield>
  </datafield>
  <datafield tag="852" ind1=" " ind2=" ">
   <subfield code="a">INST</subfield>
   <subfield code="b">UNIPILB</subfield>
   <subfield code="c">SERIALS</subfield>
   <subfield code="e">20100907</subfield>
   <subfield code="h">Αλφαβητική σειρά</subfield>
   <subfield code="p">69774</subfield>
   <subfield code="q">69774</subfield>
   <subfield code="t">NOLOAN</subfield>
   <subfield code="v">vol.16;no.24:(Ημέρες)17-23;(Μήνας)Jun.;(Έτος)2010</subfield>
   <subfield code="y">23</subfield>
  </datafield>
  <datafield tag="852" ind1=" " ind2=" ">
   <subfield code="a">INST</subfield>
   <subfield code="b">UNIPILB</subfield>
   <subfield code="c">SERIALS</subfield>
   <subfield code="e">20100907</subfield>
   <subfield code="h">Αλφαβητική σειρά</subfield>
   <subfield code="p">69775</subfield>
   <subfield code="q">69775</subfield>
   <subfield code="t">NOLOAN</subfield>
   <subfield code="v">vol.16;no.25:(Ημέρες)24-30;(Μήνας)Jun.;(Έτος)2010</subfield>
   <subfield code="y">23</subfield>
  </datafield>
  <datafield tag="852" ind1=" " ind2=" ">
   <subfield code="a">INST</subfield>
   <subfield code="b">UNIPILB</subfield>
   <subfield code="c">SERIALS</subfield>
   <subfield code="e">20100907</subfield>
   <subfield code="h">Αλφαβητική σειρά</subfield>
   <subfield code="p">69776</subfield>
   <subfield code="q">69776</subfield>
   <subfield code="t">NOLOAN</subfield>
   <subfield code="v">vol.16;no.26:(Ημέρες)1-7;(Μήνας)Jul.;(Έτος)2010</subfield>
   <subfield code="y">23</subfield>
  </datafield>
  <datafield tag="852" ind1=" " ind2=" ">
   <subfield code="a">INST</subfield>
   <subfield code="b">UNIPILB</subfield>
   <subfield code="c">SERIALS</subfield>
   <subfield code="e">20100907</subfield>
   <subfield code="h">Αλφαβητική σειρά</subfield>
   <subfield code="p">69777</subfield>
   <subfield code="q">69777</subfield>
   <subfield code="t">NOLOAN</subfield>
   <subfield code="v">vol.16;no.27:(Ημέρες)8-14;(Μήνας)Jul.;(Έτος)2010</subfield>
   <subfield code="y">23</subfield>
  </datafield>
  <datafield tag="852" ind1=" " ind2=" ">
   <subfield code="a">INST</subfield>
   <subfield code="b">UNIPILB</subfield>
   <subfield code="c">SERIALS</subfield>
   <subfield code="e">20100907</subfield>
   <subfield code="h">Αλφαβητική σειρά</subfield>
   <subfield code="p">69778</subfield>
   <subfield code="q">69778</subfield>
   <subfield code="t">NOLOAN</subfield>
   <subfield code="v">vol.16;no.28:(Ημέρες)15-21;(Μήνας)Jul.;(Έτος)2010</subfield>
   <subfield code="y">23</subfield>
  </datafield>
  <datafield tag="852" ind1=" " ind2=" ">
   <subfield code="a">INST</subfield>
   <subfield code="b">UNIPILB</subfield>
   <subfield code="c">SERIALS</subfield>
   <subfield code="e">20101020</subfield>
   <subfield code="h">Αλφαβητική σειρά</subfield>
   <subfield code="p">70290</subfield>
   <subfield code="q">70290</subfield>
   <subfield code="t">NOLOAN</subfield>
   <subfield code="v">vol.16;no.29:(Ημέρες)22-28;(Μήνας)Jul.;(Έτος)2010</subfield>
   <subfield code="y">23</subfield>
  </datafield>
  <datafield tag="852" ind1=" " ind2=" ">
   <subfield code="a">INST</subfield>
   <subfield code="b">UNIPILB</subfield>
   <subfield code="c">SERIALS</subfield>
   <subfield code="e">20101020</subfield>
   <subfield code="h">Αλφαβητική σειρά</subfield>
   <subfield code="p">70291</subfield>
   <subfield code="q">70291</subfield>
   <subfield code="t">NOLOAN</subfield>
   <subfield code="v">vol.16;no.30:(Ημέρα,Μήνας)29 Jul.-1 Sep;(Έτος)2010</subfield>
   <subfield code="y">23</subfield>
  </datafield>
  <datafield tag="852" ind1=" " ind2=" ">
   <subfield code="a">INST</subfield>
   <subfield code="b">UNIPILB</subfield>
   <subfield code="c">SERIALS</subfield>
   <subfield code="e">20101020</subfield>
   <subfield code="h">Αλφαβητική σειρά</subfield>
   <subfield code="p">70292</subfield>
   <subfield code="q">70292</subfield>
   <subfield code="t">NOLOAN</subfield>
   <subfield code="v">vol.16;no.31:(Ημέρες)2-8;(Μήνας)Sep.;(Έτος)2010</subfield>
   <subfield code="y">23</subfield>
  </datafield>
  <datafield tag="852" ind1=" " ind2=" ">
   <subfield code="a">INST</subfield>
   <subfield code="b">UNIPILB</subfield>
   <subfield code="c">SERIALS</subfield>
   <subfield code="e">20101020</subfield>
   <subfield code="h">Αλφαβητική σειρά</subfield>
   <subfield code="p">70293</subfield>
   <subfield code="q">70293</subfield>
   <subfield code="t">NOLOAN</subfield>
   <subfield code="v">vol.16;no.32:(Ημέρες)9-15;(Μήνας)Sep.;(Έτος)2010</subfield>
   <subfield code="y">23</subfield>
  </datafield>
  <datafield tag="852" ind1=" " ind2=" ">
   <subfield code="a">INST</subfield>
   <subfield code="b">UNIPILB</subfield>
   <subfield code="c">SERIALS</subfield>
   <subfield code="e">20101020</subfield>
   <subfield code="h">Αλφαβητική σειρά</subfield>
   <subfield code="p">70294</subfield>
   <subfield code="q">70294</subfield>
   <subfield code="t">NOLOAN</subfield>
   <subfield code="v">vol.16;no.33:(Ημέρες)16-22;(Μήνας)Sep.;(Έτος)2010</subfield>
   <subfield code="y">23</subfield>
  </datafield>
  <datafield tag="852" ind1=" " ind2=" ">
   <subfield code="a">INST</subfield>
   <subfield code="b">UNIPILB</subfield>
   <subfield code="c">SERIALS</subfield>
   <subfield code="e">20101020</subfield>
   <subfield code="h">Αλφαβητική σειρά</subfield>
   <subfield code="p">70295</subfield>
   <subfield code="q">70295</subfield>
   <subfield code="t">NOLOAN</subfield>
   <subfield code="v">vol.16;no.34:(Ημέρες)23-29;(Μήνας)Sep.;(Έτος)2010</subfield>
   <subfield code="y">23</subfield>
  </datafield>
  <datafield tag="852" ind1=" " ind2=" ">
   <subfield code="a">INST</subfield>
   <subfield code="b">UNIPILB</subfield>
   <subfield code="c">SERIALS</subfield>
   <subfield code="e">20101020</subfield>
   <subfield code="h">Αλφαβητική σειρά</subfield>
   <subfield code="p">70296</subfield>
   <subfield code="q">70296</subfield>
   <subfield code="t">NOLOAN</subfield>
   <subfield code="v">vol.16;no.35:(Ημέρα)30;(Μήνας)Sep.-(Ημέρα;(Μήνας)Oct.;(Έτος)2010</subfield>
   <subfield code="y">23</subfield>
  </datafield>
  <datafield tag="852" ind1=" " ind2=" ">
   <subfield code="a">INST</subfield>
   <subfield code="b">UNIPILB</subfield>
   <subfield code="c">SERIALS</subfield>
   <subfield code="e">20101020</subfield>
   <subfield code="h">Αλφαβητική σειρά</subfield>
   <subfield code="p">70297</subfield>
   <subfield code="q">70297</subfield>
   <subfield code="t">NOLOAN</subfield>
   <subfield code="v">vol.16;no.36:(Ημέρες)7-13;(Μήνας)Oct.;(Έτος)2010</subfield>
   <subfield code="y">23</subfield>
  </datafield>
  <datafield tag="852" ind1=" " ind2=" ">
   <subfield code="a">INST</subfield>
   <subfield code="b">UNIPILB</subfield>
   <subfield code="c">SERIALS</subfield>
   <subfield code="e">20101115</subfield>
   <subfield code="h">Αλφαβητική σειρά</subfield>
   <subfield code="p">70571</subfield>
   <subfield code="q">70571</subfield>
   <subfield code="t">NOLOAN</subfield>
   <subfield code="v">vol.16;no.37:(Ημέρες)14-20;(Μήνας)Oct.;(Έτος)2010</subfield>
   <subfield code="y">23</subfield>
  </datafield>
  <datafield tag="852" ind1=" " ind2=" ">
   <subfield code="a">INST</subfield>
   <subfield code="b">UNIPILB</subfield>
   <subfield code="c">SERIALS</subfield>
   <subfield code="e">20101115</subfield>
   <subfield code="h">Αλφαβητική σειρά</subfield>
   <subfield code="p">70572</subfield>
   <subfield code="q">70572</subfield>
   <subfield code="t">NOLOAN</subfield>
   <subfield code="v">vol.16;no.38:(Ημέρες)21-27;(Μήνας)Oct.;(Έτος)2010</subfield>
   <subfield code="y">23</subfield>
  </datafield>
  <datafield tag="852" ind1=" " ind2=" ">
   <subfield code="a">INST</subfield>
   <subfield code="b">UNIPILB</subfield>
   <subfield code="c">SERIALS</subfield>
   <subfield code="e">20101115</subfield>
   <subfield code="h">Αλφαβητική σειρά</subfield>
   <subfield code="p">70573</subfield>
   <subfield code="q">70573</subfield>
   <subfield code="t">NOLOAN</subfield>
   <subfield code="v">vol.16;no.39:(Ημέρα)28;(Μήνας)Oct.-(Ημέρα;(Μήνας)Nov.;(Έτος)2010</subfield>
   <subfield code="y">23</subfield>
  </datafield>
  <datafield tag="852" ind1=" " ind2=" ">
   <subfield code="a">INST</subfield>
   <subfield code="b">UNIPILB</subfield>
   <subfield code="c">SERIALS</subfield>
   <subfield code="e">20101115</subfield>
   <subfield code="h">Αλφαβητική σειρά</subfield>
   <subfield code="p">70574</subfield>
   <subfield code="q">70574</subfield>
   <subfield code="t">NOLOAN</subfield>
   <subfield code="v">vol.16;no.40:(Ημέρες)4-10;(Μήνας)Nov.;(Έτος)2010</subfield>
   <subfield code="y">23</subfield>
  </datafield>
  <datafield tag="852" ind1=" " ind2=" ">
   <subfield code="a">INST</subfield>
   <subfield code="b">UNIPILB</subfield>
   <subfield code="c">SERIALS</subfield>
   <subfield code="e">20110124</subfield>
   <subfield code="h">Αλφαβητική σειρά</subfield>
   <subfield code="p">70892</subfield>
   <subfield code="q">70892</subfield>
   <subfield code="t">NOLOAN</subfield>
   <subfield code="v">vol.16;no.41:(Ημέρα)11;(Μήνας)Nov.;(Έτος)2010</subfield>
   <subfield code="y">23</subfield>
  </datafield>
  <datafield tag="852" ind1=" " ind2=" ">
   <subfield code="a">INST</subfield>
   <subfield code="b">UNIPILB</subfield>
   <subfield code="c">SERIALS</subfield>
   <subfield code="e">20110124</subfield>
   <subfield code="h">Αλφαβητική σειρά</subfield>
   <subfield code="p">70893</subfield>
   <subfield code="q">70893</subfield>
   <subfield code="t">NOLOAN</subfield>
   <subfield code="v">vol.16;no.42:(Ημέρα)18;(Μήνας)Nov.;(Έτος)2010</subfield>
   <subfield code="y">23</subfield>
  </datafield>
  <datafield tag="852" ind1=" " ind2=" ">
   <subfield code="a">INST</subfield>
   <subfield code="b">UNIPILB</subfield>
   <subfield code="c">SERIALS</subfield>
   <subfield code="e">20110124</subfield>
   <subfield code="h">Αλφαβητική σειρά</subfield>
   <subfield code="p">70894</subfield>
   <subfield code="q">70894</subfield>
   <subfield code="t">NOLOAN</subfield>
   <subfield code="v">vol.16;no.43:(Ημέρα)25;(Μήνας)Nov.;(Έτος)2010</subfield>
   <subfield code="y">23</subfield>
  </datafield>
  <datafield tag="852" ind1=" " ind2=" ">
   <subfield code="a">INST</subfield>
   <subfield code="b">UNIPILB</subfield>
   <subfield code="c">SERIALS</subfield>
   <subfield code="e">20110124</subfield>
   <subfield code="h">Αλφαβητική σειρά</subfield>
   <subfield code="p">70895</subfield>
   <subfield code="q">70895</subfield>
   <subfield code="t">NOLOAN</subfield>
   <subfield code="v">vol.16;no.44:(Ημέρα)2;(Μήνας)Dec.;(Έτος)2010</subfield>
   <subfield code="y">23</subfield>
  </datafield>
  <datafield tag="852" ind1=" " ind2=" ">
   <subfield code="a">INST</subfield>
   <subfield code="b">UNIPILB</subfield>
   <subfield code="c">SERIALS</subfield>
   <subfield code="e">20110125</subfield>
   <subfield code="h">Αλφαβητική σειρά</subfield>
   <subfield code="p">70917</subfield>
   <subfield code="q">70917</subfield>
   <subfield code="t">NOLOAN</subfield>
   <subfield code="v">vol.16;no.45:(Ημέρα)9;(Μήνας)Dec.;(Έτος)2010</subfield>
   <subfield code="y">23</subfield>
  </datafield>
  <datafield tag="852" ind1=" " ind2=" ">
   <subfield code="a">INST</subfield>
   <subfield code="b">UNIPILB</subfield>
   <subfield code="c">SERIALS</subfield>
   <subfield code="e">20110125</subfield>
   <subfield code="h">Αλφαβητική σειρά</subfield>
   <subfield code="p">70918</subfield>
   <subfield code="q">70918</subfield>
   <subfield code="t">NOLOAN</subfield>
   <subfield code="v">vol.16;no.46:(Ημέρα)16;(Μήνας)Dec.;(Έτος)2010</subfield>
   <subfield code="y">23</subfield>
  </datafield>
  <datafield tag="852" ind1=" " ind2=" ">
   <subfield code="a">INST</subfield>
   <subfield code="b">UNIPILB</subfield>
   <subfield code="c">SERIALS</subfield>
   <subfield code="e">20110228</subfield>
   <subfield code="h">Αλφαβητική σειρά</subfield>
   <subfield code="p">71229</subfield>
   <subfield code="q">71229</subfield>
   <subfield code="t">NOLOAN</subfield>
   <subfield code="v">vol.17;no.1:(Ημέρα)6;(Μήνας)Jan.;(Έτος)2011</subfield>
   <subfield code="y">23</subfield>
  </datafield>
  <datafield tag="852" ind1=" " ind2=" ">
   <subfield code="a">INST</subfield>
   <subfield code="b">UNIPILB</subfield>
   <subfield code="c">SERIALS</subfield>
   <subfield code="e">20110228</subfield>
   <subfield code="h">Αλφαβητική σειρά</subfield>
   <subfield code="p">71230</subfield>
   <subfield code="q">71230</subfield>
   <subfield code="t">NOLOAN</subfield>
   <subfield code="v">vol.17;no.2:(Ημέρα)13;(Μήνας)Jan.;(Έτος)2011</subfield>
   <subfield code="y">23</subfield>
  </datafield>
  <datafield tag="852" ind1=" " ind2=" ">
   <subfield code="a">INST</subfield>
   <subfield code="b">UNIPILB</subfield>
   <subfield code="c">SERIALS</subfield>
   <subfield code="e">20110228</subfield>
   <subfield code="h">Αλφαβητική σειρά</subfield>
   <subfield code="p">71231</subfield>
   <subfield code="q">71231</subfield>
   <subfield code="t">NOLOAN</subfield>
   <subfield code="v">vol.17;no.3:(Ημέρα)20;(Μήνας)Jan.;(Έτος)2011</subfield>
   <subfield code="y">23</subfield>
  </datafield>
  <datafield tag="852" ind1=" " ind2=" ">
   <subfield code="a">INST</subfield>
   <subfield code="b">UNIPILB</subfield>
   <subfield code="c">SERIALS</subfield>
   <subfield code="e">20110228</subfield>
   <subfield code="h">Αλφαβητική σειρά</subfield>
   <subfield code="p">71232</subfield>
   <subfield code="q">71232</subfield>
   <subfield code="t">NOLOAN</subfield>
   <subfield code="v">vol.17;no.4:(Ημέρα)27;(Μήνας)Jan.-(Ημέρα;(Μήνας)Feb.;(Έτος)2011</subfield>
   <subfield code="y">23</subfield>
  </datafield>
  <datafield tag="852" ind1=" " ind2=" ">
   <subfield code="a">INST</subfield>
   <subfield code="b">UNIPILB</subfield>
   <subfield code="c">SERIALS</subfield>
   <subfield code="e">20110616</subfield>
   <subfield code="h">Αλφαβητική σειρά</subfield>
   <subfield code="p">71939</subfield>
   <subfield code="q">71939</subfield>
   <subfield code="t">NOLOAN</subfield>
   <subfield code="v">vol.17;no.17:(Ημέρα)28;(Μήνας)Apr.-(Ημέρα;(Μήνας)May;(Έτος)2011</subfield>
   <subfield code="y">23</subfield>
  </datafield>
  <datafield tag="852" ind1=" " ind2=" ">
   <subfield code="a">INST</subfield>
   <subfield code="b">UNIPILB</subfield>
   <subfield code="c">SERIALS</subfield>
   <subfield code="e">20110616</subfield>
   <subfield code="h">Αλφαβητική σειρά</subfield>
   <subfield code="p">71940</subfield>
   <subfield code="q">71940</subfield>
   <subfield code="t">NOLOAN</subfield>
   <subfield code="v">vol.17;no.18:(Ημέρες)5-11;(Μήνας)May;(Έτος)2011</subfield>
   <subfield code="y">23</subfield>
  </datafield>
  <datafield tag="852" ind1=" " ind2=" ">
   <subfield code="a">INST</subfield>
   <subfield code="b">UNIPILB</subfield>
   <subfield code="c">SERIALS</subfield>
   <subfield code="e">20110616</subfield>
   <subfield code="h">Αλφαβητική σειρά</subfield>
   <subfield code="p">71941</subfield>
   <subfield code="q">71941</subfield>
   <subfield code="t">NOLOAN</subfield>
   <subfield code="v">vol.17;no.19:(Ημέρες)12-18;(Μήνας)May;(Έτος)2011</subfield>
   <subfield code="y">23</subfield>
  </datafield>
  <datafield tag="852" ind1=" " ind2=" ">
   <subfield code="a">INST</subfield>
   <subfield code="b">UNIPILB</subfield>
   <subfield code="c">SERIALS</subfield>
   <subfield code="e">20110616</subfield>
   <subfield code="h">Αλφαβητική σειρά</subfield>
   <subfield code="p">71942</subfield>
   <subfield code="q">71942</subfield>
   <subfield code="t">NOLOAN</subfield>
   <subfield code="v">vol.17;no.20:(Ημέρες)19-25;(Μήνας)May;(Έτος)2011</subfield>
   <subfield code="y">23</subfield>
  </datafield>
  <datafield tag="852" ind1=" " ind2=" ">
   <subfield code="a">INST</subfield>
   <subfield code="b">UNIPILB</subfield>
   <subfield code="c">SERIALS</subfield>
   <subfield code="e">20110629</subfield>
   <subfield code="h">Αλφαβητική σειρά</subfield>
   <subfield code="p">72105</subfield>
   <subfield code="q">72105</subfield>
   <subfield code="t">NOLOAN</subfield>
   <subfield code="v">vol.17;no.5:(Ημέρες)3-9;(Μήνας)Feb.;(Έτος)2011</subfield>
   <subfield code="y">23</subfield>
  </datafield>
  <datafield tag="852" ind1=" " ind2=" ">
   <subfield code="a">INST</subfield>
   <subfield code="b">UNIPILB</subfield>
   <subfield code="c">SERIALS</subfield>
   <subfield code="e">20110629</subfield>
   <subfield code="h">Αλφαβητική σειρά</subfield>
   <subfield code="p">72106</subfield>
   <subfield code="q">72106</subfield>
   <subfield code="t">NOLOAN</subfield>
   <subfield code="v">vol.17;no.6:(Ημέρες)10-16;(Μήνας)Feb.;(Έτος)2011</subfield>
   <subfield code="y">23</subfield>
  </datafield>
  <datafield tag="852" ind1=" " ind2=" ">
   <subfield code="a">INST</subfield>
   <subfield code="b">UNIPILB</subfield>
   <subfield code="c">SERIALS</subfield>
   <subfield code="e">20110830</subfield>
   <subfield code="h">Αλφαβητική σειρά</subfield>
   <subfield code="p">72597</subfield>
   <subfield code="q">72597</subfield>
   <subfield code="t">NOLOAN</subfield>
   <subfield code="v">vol.17;no.27:(Ημέρα)7;(Μήνας)Jul.;(Έτος)2011</subfield>
   <subfield code="y">23</subfield>
  </datafield>
  <datafield tag="852" ind1=" " ind2=" ">
   <subfield code="a">INST</subfield>
   <subfield code="b">UNIPILB</subfield>
   <subfield code="c">SERIALS</subfield>
   <subfield code="e">20110830</subfield>
   <subfield code="h">Αλφαβητική σειρά</subfield>
   <subfield code="p">72598</subfield>
   <subfield code="q">72598</subfield>
   <subfield code="t">NOLOAN</subfield>
   <subfield code="v">vol.17;no.28:(Ημέρα)14;(Μήνας)Jul.;(Έτος)2011</subfield>
   <subfield code="y">23</subfield>
  </datafield>
  <datafield tag="852" ind1=" " ind2=" ">
   <subfield code="a">INST</subfield>
   <subfield code="b">UNIPILB</subfield>
   <subfield code="c">SERIALS</subfield>
   <subfield code="e">20110830</subfield>
   <subfield code="h">Αλφαβητική σειρά</subfield>
   <subfield code="p">72599</subfield>
   <subfield code="q">72599</subfield>
   <subfield code="t">NOLOAN</subfield>
   <subfield code="v">vol.17;no.29:(Ημέρα)20;(Μήνας)Jul.;(Έτος)2011</subfield>
   <subfield code="y">23</subfield>
  </datafield>
  <datafield tag="852" ind1=" " ind2=" ">
   <subfield code="a">INST</subfield>
   <subfield code="b">UNIPILB</subfield>
   <subfield code="c">SERIALS</subfield>
   <subfield code="e">20110928</subfield>
   <subfield code="h">Αλφαβητική σειρά</subfield>
   <subfield code="p">72786</subfield>
   <subfield code="q">72786</subfield>
   <subfield code="t">NOLOAN</subfield>
   <subfield code="v">vol.17;no.31:(Ημέρα)1;(Μήνας)Sep.;(Έτος)2011</subfield>
   <subfield code="y">23</subfield>
  </datafield>
  <datafield tag="852" ind1=" " ind2=" ">
   <subfield code="a">INST</subfield>
   <subfield code="b">UNIPILB</subfield>
   <subfield code="c">SERIALS</subfield>
   <subfield code="e">20111003</subfield>
   <subfield code="h">Αλφαβητική σειρά</subfield>
   <subfield code="p">72886</subfield>
   <subfield code="q">72886</subfield>
   <subfield code="t">NOLOAN</subfield>
   <subfield code="v">vol.17;no.32:(Ημέρες)8-14;(Μήνας)Sep.;(Έτος)2011</subfield>
   <subfield code="y">23</subfield>
  </datafield>
  <datafield tag="852" ind1=" " ind2=" ">
   <subfield code="a">INST</subfield>
   <subfield code="b">UNIPILB</subfield>
   <subfield code="c">SERIALS</subfield>
   <subfield code="e">20111027</subfield>
   <subfield code="h">Αλφαβητική σειρά</subfield>
   <subfield code="p">73108</subfield>
   <subfield code="q">73108</subfield>
   <subfield code="t">NOLOAN</subfield>
   <subfield code="v">vol.17;no.33:(Ημέρες)15-21;(Μήνας)Sep.;(Έτος)2011</subfield>
   <subfield code="y">23</subfield>
  </datafield>
  <datafield tag="852" ind1=" " ind2=" ">
   <subfield code="a">INST</subfield>
   <subfield code="b">UNIPILB</subfield>
   <subfield code="c">SERIALS</subfield>
   <subfield code="e">20111027</subfield>
   <subfield code="h">Αλφαβητική σειρά</subfield>
   <subfield code="p">73109</subfield>
   <subfield code="q">73109</subfield>
   <subfield code="t">NOLOAN</subfield>
   <subfield code="v">vol.17;no.34:(Ημέρες)22-28;(Μήνας)Sep.;(Έτος)2011</subfield>
   <subfield code="y">23</subfield>
  </datafield>
  <datafield tag="852" ind1=" " ind2=" ">
   <subfield code="a">INST</subfield>
   <subfield code="b">UNIPILB</subfield>
   <subfield code="c">SERIALS</subfield>
   <subfield code="e">20111027</subfield>
   <subfield code="h">Αλφαβητική σειρά</subfield>
   <subfield code="p">73110</subfield>
   <subfield code="q">73110</subfield>
   <subfield code="t">NOLOAN</subfield>
   <subfield code="v">vol.17;no.35:(Ημέρα)29;(Μήνας)Sep.-(Ημέρα;(Μήνας)Oct.;(Έτος)2011</subfield>
   <subfield code="y">23</subfield>
  </datafield>
  <datafield tag="852" ind1=" " ind2=" ">
   <subfield code="a">INST</subfield>
   <subfield code="b">UNIPILB</subfield>
   <subfield code="c">SERIALS</subfield>
   <subfield code="e">20111031</subfield>
   <subfield code="h">Αλφαβητική σειρά</subfield>
   <subfield code="p">73165</subfield>
   <subfield code="q">73165</subfield>
   <subfield code="t">NOLOAN</subfield>
   <subfield code="v">vol.17;no.37:(Ημέρα)13;(Μήνας)Oct.;[UNKNOWN] 2011</subfield>
   <subfield code="y">23</subfield>
  </datafield>
  <datafield tag="852" ind1=" " ind2=" ">
   <subfield code="a">INST</subfield>
   <subfield code="b">UNIPILB</subfield>
   <subfield code="c">SERIALS</subfield>
   <subfield code="e">20111031</subfield>
   <subfield code="h">Αλφαβητική σειρά</subfield>
   <subfield code="p">73166</subfield>
   <subfield code="q">73166</subfield>
   <subfield code="t">NOLOAN</subfield>
   <subfield code="v">vol.17;no.36:(Ημέρα)6;(Μήνας)Oct.;[UNKNOWN] 2011</subfield>
   <subfield code="y">23</subfield>
  </datafield>
  <datafield tag="852" ind1=" " ind2=" ">
   <subfield code="a">INST</subfield>
   <subfield code="b">UNIPILB</subfield>
   <subfield code="c">SERIALS</subfield>
   <subfield code="e">20111110</subfield>
   <subfield code="h">Αλφαβητική σειρά</subfield>
   <subfield code="p">73434</subfield>
   <subfield code="q">73434</subfield>
   <subfield code="t">NOLOAN</subfield>
   <subfield code="v">vol.17;no.30:(Ημέρα)28;(Μήνας)Jul.;[UNKNOWN] 2011</subfield>
   <subfield code="y">23</subfield>
  </datafield>
  <datafield tag="852" ind1=" " ind2=" ">
   <subfield code="a">INST</subfield>
   <subfield code="b">UNIPILB</subfield>
   <subfield code="c">SERIALS</subfield>
   <subfield code="e">20111124</subfield>
   <subfield code="h">Αλφαβητική σειρά</subfield>
   <subfield code="p">73535</subfield>
   <subfield code="q">73535</subfield>
   <subfield code="t">NOLOAN</subfield>
   <subfield code="v">vol.17;no.39:(Ημέρα)27;(Μήνας)Oct.;[UNKNOWN] 2011</subfield>
   <subfield code="y">23</subfield>
  </datafield>
  <datafield tag="852" ind1=" " ind2=" ">
   <subfield code="a">INST</subfield>
   <subfield code="b">UNIPILB</subfield>
   <subfield code="c">SERIALS</subfield>
   <subfield code="e">20111124</subfield>
   <subfield code="h">Αλφαβητική σειρά</subfield>
   <subfield code="p">73536</subfield>
   <subfield code="q">73536</subfield>
   <subfield code="t">NOLOAN</subfield>
   <subfield code="v">vol.17;no.40:(Ημέρα)3;(Μήνας)Nov.;[UNKNOWN] 2011</subfield>
   <subfield code="y">23</subfield>
  </datafield>
  <datafield tag="852" ind1=" " ind2=" ">
   <subfield code="a">INST</subfield>
   <subfield code="b">UNIPILB</subfield>
   <subfield code="c">SERIALS</subfield>
   <subfield code="e">20111207</subfield>
   <subfield code="h">Αλφαβητική σειρά</subfield>
   <subfield code="p">73710</subfield>
   <subfield code="q">73710</subfield>
   <subfield code="t">NOLOAN</subfield>
   <subfield code="v">vol.17;no.41:(Ημέρα)10;(Μήνας)Nov.;(Έτος)2011</subfield>
   <subfield code="y">23</subfield>
  </datafield>
  <datafield tag="852" ind1=" " ind2=" ">
   <subfield code="a">INST</subfield>
   <subfield code="b">UNIPILB</subfield>
   <subfield code="c">SERIALS</subfield>
   <subfield code="e">20111207</subfield>
   <subfield code="h">Αλφαβητική σειρά</subfield>
   <subfield code="p">73711</subfield>
   <subfield code="q">73711</subfield>
   <subfield code="t">NOLOAN</subfield>
   <subfield code="v">vol.17;no.42:(Ημέρα)17;(Μήνας)Nov.;(Έτος)2011</subfield>
   <subfield code="y">23</subfield>
  </datafield>
  <datafield tag="852" ind1=" " ind2=" ">
   <subfield code="a">INST</subfield>
   <subfield code="b">UNIPILB</subfield>
   <subfield code="c">SERIALS</subfield>
   <subfield code="e">20111208</subfield>
   <subfield code="h">Αλφαβητική σειρά</subfield>
   <subfield code="p">73833</subfield>
   <subfield code="q">73833</subfield>
   <subfield code="t">NOLOAN</subfield>
   <subfield code="v">vol.17;no.38:(Ημέρα)20;(Μήνας)Oct.;(Έτος)2011</subfield>
   <subfield code="y">23</subfield>
  </datafield>
  <datafield tag="852" ind1=" " ind2=" ">
   <subfield code="a">INST</subfield>
   <subfield code="b">UNIPILB</subfield>
   <subfield code="c">SERIALS</subfield>
   <subfield code="e">20120116</subfield>
   <subfield code="h">Αλφαβητική σειρά</subfield>
   <subfield code="p">73981</subfield>
   <subfield code="q">73981</subfield>
   <subfield code="t">NOLOAN</subfield>
   <subfield code="v">vol.17;no.45:(Ημέρα)8;(Μήνας)Dec.;[UNKNOWN] 2011</subfield>
   <subfield code="y">23</subfield>
  </datafield>
  <datafield tag="852" ind1=" " ind2=" ">
   <subfield code="a">INST</subfield>
   <subfield code="b">UNIPILB</subfield>
   <subfield code="c">SERIALS</subfield>
   <subfield code="e">20120116</subfield>
   <subfield code="h">Αλφαβητική σειρά</subfield>
   <subfield code="p">73982</subfield>
   <subfield code="q">73982</subfield>
   <subfield code="t">NOLOAN</subfield>
   <subfield code="v">vol.17;no.46:(Ημέρα)15;(Μήνας)Dec.;[UNKNOWN] 2011</subfield>
   <subfield code="y">23</subfield>
  </datafield>
  <datafield tag="852" ind1=" " ind2=" ">
   <subfield code="a">INST</subfield>
   <subfield code="b">UNIPILB</subfield>
   <subfield code="c">SERIALS</subfield>
   <subfield code="e">20120116</subfield>
   <subfield code="h">Αλφαβητική σειρά</subfield>
   <subfield code="p">73983</subfield>
   <subfield code="q">73983</subfield>
   <subfield code="t">NOLOAN</subfield>
   <subfield code="v">vol.17;no.47:(Ημέρα)21;(Μήνας)Dec.;[UNKNOWN] 2011</subfield>
   <subfield code="y">23</subfield>
  </datafield>
  <datafield tag="852" ind1=" " ind2=" ">
   <subfield code="a">INST</subfield>
   <subfield code="b">UNIPILB</subfield>
   <subfield code="c">SERIALS</subfield>
   <subfield code="e">20120117</subfield>
   <subfield code="h">Αλφαβητική σειρά</subfield>
   <subfield code="p">74010</subfield>
   <subfield code="q">74010</subfield>
   <subfield code="t">NOLOAN</subfield>
   <subfield code="v">vol.17;no.43:(Ημέρα)24;(Μήνας)Nov.;[UNKNOWN] 2011</subfield>
   <subfield code="y">23</subfield>
  </datafield>
  <datafield tag="852" ind1=" " ind2=" ">
   <subfield code="a">INST</subfield>
   <subfield code="b">UNIPILB</subfield>
   <subfield code="c">SERIALS</subfield>
   <subfield code="e">20120409</subfield>
   <subfield code="h">Αλφαβητική σειρά</subfield>
   <subfield code="p">75126</subfield>
   <subfield code="q">75126</subfield>
   <subfield code="t">NOLOAN</subfield>
   <subfield code="v">vol.18;no.1:(Ημέρες)5-11;(Μήνας)Jan.;(Έτος)2012</subfield>
   <subfield code="y">23</subfield>
  </datafield>
  <datafield tag="852" ind1=" " ind2=" ">
   <subfield code="a">INST</subfield>
   <subfield code="b">UNIPILB</subfield>
   <subfield code="c">SERIALS</subfield>
   <subfield code="e">20120409</subfield>
   <subfield code="h">Αλφαβητική σειρά</subfield>
   <subfield code="p">75127</subfield>
   <subfield code="q">75127</subfield>
   <subfield code="t">NOLOAN</subfield>
   <subfield code="v">vol.18;no.2:(Ημέρες)12-18;(Μήνας)Jan.;(Έτος)2012</subfield>
   <subfield code="y">23</subfield>
  </datafield>
  <datafield tag="852" ind1=" " ind2=" ">
   <subfield code="a">INST</subfield>
   <subfield code="b">UNIPILB</subfield>
   <subfield code="c">SERIALS</subfield>
   <subfield code="e">20120409</subfield>
   <subfield code="h">Αλφαβητική σειρά</subfield>
   <subfield code="p">75128</subfield>
   <subfield code="q">75128</subfield>
   <subfield code="t">NOLOAN</subfield>
   <subfield code="v">vol.18;no.5:(Ημέρες)2-8;(Μήνας)Feb.;(Έτος)2012</subfield>
   <subfield code="y">23</subfield>
  </datafield>
  <datafield tag="852" ind1=" " ind2=" ">
   <subfield code="a">INST</subfield>
   <subfield code="b">UNIPILB</subfield>
   <subfield code="c">SERIALS</subfield>
   <subfield code="e">20120409</subfield>
   <subfield code="h">Αλφαβητική σειρά</subfield>
   <subfield code="p">75129</subfield>
   <subfield code="q">75129</subfield>
   <subfield code="t">NOLOAN</subfield>
   <subfield code="v">vol.18;no.6:(Ημέρες)9-15;(Μήνας)Feb.;(Έτος)2012</subfield>
   <subfield code="y">23</subfield>
  </datafield>
  <datafield tag="852" ind1=" " ind2=" ">
   <subfield code="a">INST</subfield>
   <subfield code="b">UNIPILB</subfield>
   <subfield code="c">SERIALS</subfield>
   <subfield code="e">20120409</subfield>
   <subfield code="h">Αλφαβητική σειρά</subfield>
   <subfield code="p">75130</subfield>
   <subfield code="q">75130</subfield>
   <subfield code="t">NOLOAN</subfield>
   <subfield code="v">vol.18;no.7:(Ημέρες)16-22;(Μήνας)Feb.;(Έτος)2012</subfield>
   <subfield code="y">23</subfield>
  </datafield>
  <datafield tag="852" ind1=" " ind2=" ">
   <subfield code="a">INST</subfield>
   <subfield code="b">UNIPILB</subfield>
   <subfield code="c">SERIALS</subfield>
   <subfield code="e">20120409</subfield>
   <subfield code="h">Αλφαβητική σειρά</subfield>
   <subfield code="p">75131</subfield>
   <subfield code="q">75131</subfield>
   <subfield code="t">NOLOAN</subfield>
   <subfield code="v">vol.18;no.8:(Ημέρες)23-29;(Μήνας)Feb.;(Έτος)2012</subfield>
   <subfield code="y">23</subfield>
  </datafield>
  <datafield tag="852" ind1=" " ind2=" ">
   <subfield code="a">INST</subfield>
   <subfield code="b">UNIPILB</subfield>
   <subfield code="c">SERIALS</subfield>
   <subfield code="e">20120409</subfield>
   <subfield code="h">Αλφαβητική σειρά</subfield>
   <subfield code="p">75132</subfield>
   <subfield code="q">75132</subfield>
   <subfield code="t">NOLOAN</subfield>
   <subfield code="v">vol.18;no.9:(Ημέρες)1-7;(Μήνας)Mar.;(Έτος)2012</subfield>
   <subfield code="y">23</subfield>
  </datafield>
  <datafield tag="852" ind1=" " ind2=" ">
   <subfield code="a">INST</subfield>
   <subfield code="b">UNIPILB</subfield>
   <subfield code="c">SERIALS</subfield>
   <subfield code="e">20120410</subfield>
   <subfield code="h">Αλφαβητική σειρά</subfield>
   <subfield code="p">75199</subfield>
   <subfield code="q">75199</subfield>
   <subfield code="t">NOLOAN</subfield>
   <subfield code="v">vol.18;no.10:(Ημέρες)8-14;(Μήνας)Mar.;(Έτος)2012</subfield>
   <subfield code="y">23</subfield>
  </datafield>
  <datafield tag="852" ind1=" " ind2=" ">
   <subfield code="a">INST</subfield>
   <subfield code="b">UNIPILB</subfield>
   <subfield code="c">SERIALS</subfield>
   <subfield code="e">20120410</subfield>
   <subfield code="h">Αλφαβητική σειρά</subfield>
   <subfield code="p">75200</subfield>
   <subfield code="q">75200</subfield>
   <subfield code="t">NOLOAN</subfield>
   <subfield code="v">vol.18;no.11:(Ημέρες)15-21;(Μήνας)Mar.;(Έτος)2012</subfield>
   <subfield code="y">23</subfield>
  </datafield>
  <datafield tag="852" ind1=" " ind2=" ">
   <subfield code="a">INST</subfield>
   <subfield code="b">UNIPILB</subfield>
   <subfield code="c">SERIALS</subfield>
   <subfield code="e">20120410</subfield>
   <subfield code="h">Αλφαβητική σειρά</subfield>
   <subfield code="p">75201</subfield>
   <subfield code="q">75201</subfield>
   <subfield code="t">NOLOAN</subfield>
   <subfield code="v">vol.18;no.12:(Ημέρες)22-28;(Μήνας)Mar.;(Έτος)2012</subfield>
   <subfield code="y">23</subfield>
  </datafield>
  <datafield tag="852" ind1=" " ind2=" ">
   <subfield code="a">INST</subfield>
   <subfield code="b">UNIPILB</subfield>
   <subfield code="c">SERIALS</subfield>
   <subfield code="e">20120518</subfield>
   <subfield code="h">Αλφαβητική σειρά</subfield>
   <subfield code="p">75490</subfield>
   <subfield code="q">75490</subfield>
   <subfield code="t">NOLOAN</subfield>
   <subfield code="v">vol.18;no.13:(Ημέρα)29;(Μήνας)Mar.-(Ημέρα;(Μήνας)Apr.;(Έτος)2012</subfield>
   <subfield code="y">23</subfield>
  </datafield>
  <datafield tag="852" ind1=" " ind2=" ">
   <subfield code="a">INST</subfield>
   <subfield code="b">UNIPILB</subfield>
   <subfield code="c">SERIALS</subfield>
   <subfield code="e">20120518</subfield>
   <subfield code="h">Αλφαβητική σειρά</subfield>
   <subfield code="p">75491</subfield>
   <subfield code="q">75491</subfield>
   <subfield code="t">NOLOAN</subfield>
   <subfield code="v">vol.18;no.14:(Ημέρες)5-11;(Μήνας)Apr.;(Έτος)2012</subfield>
   <subfield code="y">23</subfield>
  </datafield>
  <datafield tag="852" ind1=" " ind2=" ">
   <subfield code="a">INST</subfield>
   <subfield code="b">UNIPILB</subfield>
   <subfield code="c">SERIALS</subfield>
   <subfield code="e">20120518</subfield>
   <subfield code="h">Αλφαβητική σειρά</subfield>
   <subfield code="p">75492</subfield>
   <subfield code="q">75492</subfield>
   <subfield code="t">NOLOAN</subfield>
   <subfield code="v">vol.18;no.15:(Ημέρες)12-18;(Μήνας)Apr.;(Έτος)2012</subfield>
   <subfield code="y">23</subfield>
  </datafield>
  <datafield tag="852" ind1=" " ind2=" ">
   <subfield code="a">INST</subfield>
   <subfield code="b">UNIPILB</subfield>
   <subfield code="c">SERIALS</subfield>
   <subfield code="e">20120518</subfield>
   <subfield code="h">Αλφαβητική σειρά</subfield>
   <subfield code="p">75493</subfield>
   <subfield code="q">75493</subfield>
   <subfield code="t">NOLOAN</subfield>
   <subfield code="v">vol.18;no.16:(Ημέρες)19-25;(Μήνας)Apr.;(Έτος)2012</subfield>
   <subfield code="y">23</subfield>
  </datafield>
  <datafield tag="852" ind1=" " ind2=" ">
   <subfield code="a">INST</subfield>
   <subfield code="b">UNIPILB</subfield>
   <subfield code="c">SERIALS</subfield>
   <subfield code="e">20120518</subfield>
   <subfield code="h">Αλφαβητική σειρά</subfield>
   <subfield code="p">75494</subfield>
   <subfield code="q">75494</subfield>
   <subfield code="t">NOLOAN</subfield>
   <subfield code="v">vol.18;no.17:(Ημέρα)26;(Μήνας)Apr.-(Ημέρα;(Μήνας)May;(Έτος)2012</subfield>
   <subfield code="y">23</subfield>
  </datafield>
  <datafield tag="852" ind1=" " ind2=" ">
   <subfield code="a">INST</subfield>
   <subfield code="b">UNIPILB</subfield>
   <subfield code="c">SERIALS</subfield>
   <subfield code="e">20120601</subfield>
   <subfield code="h">Αλφαβητική σειρά</subfield>
   <subfield code="p">75647</subfield>
   <subfield code="q">75647</subfield>
   <subfield code="t">NOLOAN</subfield>
   <subfield code="v">vol.18;no.18:(Ημέρες)3-9;(Μήνας)May;(Έτος)2012</subfield>
   <subfield code="y">23</subfield>
  </datafield>
  <datafield tag="852" ind1=" " ind2=" ">
   <subfield code="a">INST</subfield>
   <subfield code="b">UNIPILB</subfield>
   <subfield code="c">SERIALS</subfield>
   <subfield code="e">20120601</subfield>
   <subfield code="h">Αλφαβητική σειρά</subfield>
   <subfield code="p">75648</subfield>
   <subfield code="q">75648</subfield>
   <subfield code="t">NOLOAN</subfield>
   <subfield code="v">vol.18;no.19:(Ημέρες)10-16;(Μήνας)May;(Έτος)2012</subfield>
   <subfield code="y">23</subfield>
  </datafield>
  <datafield tag="852" ind1=" " ind2=" ">
   <subfield code="a">INST</subfield>
   <subfield code="b">UNIPILB</subfield>
   <subfield code="c">SERIALS</subfield>
   <subfield code="e">20120702</subfield>
   <subfield code="h">Αλφαβητική σειρά</subfield>
   <subfield code="p">75886</subfield>
   <subfield code="q">75886</subfield>
   <subfield code="t">NOLOAN</subfield>
   <subfield code="v">vol.18;no.20:(Ημέρες)17-23;(Μήνας)May;(Έτος)2012</subfield>
   <subfield code="y">23</subfield>
  </datafield>
  <datafield tag="852" ind1=" " ind2=" ">
   <subfield code="a">INST</subfield>
   <subfield code="b">UNIPILB</subfield>
   <subfield code="c">SERIALS</subfield>
   <subfield code="e">20120702</subfield>
   <subfield code="h">Αλφαβητική σειρά</subfield>
   <subfield code="p">75887</subfield>
   <subfield code="q">75887</subfield>
   <subfield code="t">NOLOAN</subfield>
   <subfield code="v">vol.18;no.21:(Ημέρες)24-30;(Μήνας)May;(Έτος)2012</subfield>
   <subfield code="y">23</subfield>
  </datafield>
  <datafield tag="852" ind1=" " ind2=" ">
   <subfield code="a">INST</subfield>
   <subfield code="b">UNIPILB</subfield>
   <subfield code="c">SERIALS</subfield>
   <subfield code="e">20120702</subfield>
   <subfield code="h">Αλφαβητική σειρά</subfield>
   <subfield code="p">75888</subfield>
   <subfield code="q">75888</subfield>
   <subfield code="t">NOLOAN</subfield>
   <subfield code="v">vol.18;no.22:(Ημέρα)31;(Μήνας)May-(Ημέρα;(Μήνας)Jun.;(Έτος)2012</subfield>
   <subfield code="y">23</subfield>
  </datafield>
  <datafield tag="852" ind1=" " ind2=" ">
   <subfield code="a">INST</subfield>
   <subfield code="b">UNIPILB</subfield>
   <subfield code="c">SERIALS</subfield>
   <subfield code="e">20120702</subfield>
   <subfield code="h">Αλφαβητική σειρά</subfield>
   <subfield code="p">75889</subfield>
   <subfield code="q">75889</subfield>
   <subfield code="t">NOLOAN</subfield>
   <subfield code="v">vol.18;no.23:(Ημέρες)7-13;(Μήνας)Jun.;(Έτος)2012</subfield>
   <subfield code="y">23</subfield>
  </datafield>
  <datafield tag="852" ind1=" " ind2=" ">
   <subfield code="a">INST</subfield>
   <subfield code="b">UNIPILB</subfield>
   <subfield code="c">SERIALS</subfield>
   <subfield code="e">20120702</subfield>
   <subfield code="h">Αλφαβητική σειρά</subfield>
   <subfield code="p">75890</subfield>
   <subfield code="q">75890</subfield>
   <subfield code="t">NOLOAN</subfield>
   <subfield code="v">vol.18;no.24:(Ημέρες)14-20;(Μήνας)Jun.;(Έτος)2012</subfield>
   <subfield code="y">23</subfield>
  </datafield>
  <datafield tag="852" ind1=" " ind2=" ">
   <subfield code="a">INST</subfield>
   <subfield code="b">UNIPILB</subfield>
   <subfield code="c">SERIALS</subfield>
   <subfield code="e">20120730</subfield>
   <subfield code="h">Αλφαβητική σειρά</subfield>
   <subfield code="p">76238</subfield>
   <subfield code="q">76238</subfield>
   <subfield code="t">NOLOAN</subfield>
   <subfield code="v">vol.18;no.25:(Ημέρες)21-27;(Μήνας)Jun.;(Έτος)2012</subfield>
   <subfield code="y">23</subfield>
  </datafield>
  <datafield tag="852" ind1=" " ind2=" ">
   <subfield code="a">INST</subfield>
   <subfield code="b">UNIPILB</subfield>
   <subfield code="c">SERIALS</subfield>
   <subfield code="e">20120730</subfield>
   <subfield code="h">Αλφαβητική σειρά</subfield>
   <subfield code="p">76239</subfield>
   <subfield code="q">76239</subfield>
   <subfield code="t">NOLOAN</subfield>
   <subfield code="v">vol.18;no.26:(Ημέρα)28;(Μήνας)Jun.-(Ημέρα;(Μήνας)Jul.;(Έτος)2012</subfield>
   <subfield code="y">23</subfield>
  </datafield>
  <datafield tag="852" ind1=" " ind2=" ">
   <subfield code="a">INST</subfield>
   <subfield code="b">UNIPILB</subfield>
   <subfield code="c">SERIALS</subfield>
   <subfield code="e">20120730</subfield>
   <subfield code="h">Αλφαβητική σειρά</subfield>
   <subfield code="p">76240</subfield>
   <subfield code="q">76240</subfield>
   <subfield code="t">NOLOAN</subfield>
   <subfield code="v">vol.18;no.27:(Ημέρες)5-11;(Μήνας)Jul.;(Έτος)2012</subfield>
   <subfield code="y">23</subfield>
  </datafield>
  <datafield tag="852" ind1=" " ind2=" ">
   <subfield code="a">INST</subfield>
   <subfield code="b">UNIPILB</subfield>
   <subfield code="c">SERIALS</subfield>
   <subfield code="e">20120828</subfield>
   <subfield code="h">Αλφαβητική σειρά</subfield>
   <subfield code="p">76275</subfield>
   <subfield code="q">76275</subfield>
   <subfield code="t">NOLOAN</subfield>
   <subfield code="v">vol.18;no.28:(Ημέρες)12-18;(Μήνας)Jul.;(Έτος)2012</subfield>
   <subfield code="y">23</subfield>
  </datafield>
  <datafield tag="852" ind1=" " ind2=" ">
   <subfield code="a">INST</subfield>
   <subfield code="b">UNIPILB</subfield>
   <subfield code="c">SERIALS</subfield>
   <subfield code="e">20120828</subfield>
   <subfield code="h">Αλφαβητική σειρά</subfield>
   <subfield code="p">76276</subfield>
   <subfield code="q">76276</subfield>
   <subfield code="t">NOLOAN</subfield>
   <subfield code="v">vol.18;no.29:(Ημέρες)19-25;(Μήνας)Jul.;(Έτος)2012</subfield>
   <subfield code="y">23</subfield>
  </datafield>
  <datafield tag="852" ind1=" " ind2=" ">
   <subfield code="a">INST</subfield>
   <subfield code="b">UNIPILB</subfield>
   <subfield code="c">SERIALS</subfield>
   <subfield code="e">20120924</subfield>
   <subfield code="h">Αλφαβητική σειρά</subfield>
   <subfield code="p">76577</subfield>
   <subfield code="q">76577</subfield>
   <subfield code="t">NOLOAN</subfield>
   <subfield code="v">vol.18;no.30:(Ημέρα)26;(Μήνας)Jul.-(Ημέρα;(Μήνας)Aug.;(Έτος)2012</subfield>
   <subfield code="y">23</subfield>
  </datafield>
  <datafield tag="852" ind1=" " ind2=" ">
   <subfield code="a">INST</subfield>
   <subfield code="b">UNIPILB</subfield>
   <subfield code="c">SERIALS</subfield>
   <subfield code="e">20121008</subfield>
   <subfield code="h">Αλφαβητική σειρά</subfield>
   <subfield code="p">76709</subfield>
   <subfield code="q">76709</subfield>
   <subfield code="t">NOLOAN</subfield>
   <subfield code="v">vol.18;no.31:(Ημέρες)6-12;(Μήνας)Sep.;(Έτος)2012</subfield>
   <subfield code="y">23</subfield>
  </datafield>
  <datafield tag="852" ind1=" " ind2=" ">
   <subfield code="a">INST</subfield>
   <subfield code="b">UNIPILB</subfield>
   <subfield code="c">SERIALS</subfield>
   <subfield code="e">20121008</subfield>
   <subfield code="h">Αλφαβητική σειρά</subfield>
   <subfield code="p">76710</subfield>
   <subfield code="q">76710</subfield>
   <subfield code="t">NOLOAN</subfield>
   <subfield code="v">vol.18;no.32:(Ημέρες)13-19;(Μήνας)Sep.;(Έτος)2012</subfield>
   <subfield code="y">23</subfield>
  </datafield>
  <datafield tag="852" ind1=" " ind2=" ">
   <subfield code="a">INST</subfield>
   <subfield code="b">UNIPILB</subfield>
   <subfield code="c">SERIALS</subfield>
   <subfield code="e">20121022</subfield>
   <subfield code="h">Αλφαβητική σειρά</subfield>
   <subfield code="p">76920</subfield>
   <subfield code="q">76920</subfield>
   <subfield code="t">NOLOAN</subfield>
   <subfield code="v">vol.18;no.33:(Ημέρες)20-26;(Μήνας)Sep.;(Έτος)2012</subfield>
   <subfield code="y">23</subfield>
  </datafield>
  <datafield tag="852" ind1=" " ind2=" ">
   <subfield code="a">INST</subfield>
   <subfield code="b">UNIPILB</subfield>
   <subfield code="c">SERIALS</subfield>
   <subfield code="e">20121022</subfield>
   <subfield code="h">Αλφαβητική σειρά</subfield>
   <subfield code="p">76921</subfield>
   <subfield code="q">76921</subfield>
   <subfield code="t">NOLOAN</subfield>
   <subfield code="v">vol.18;no.34:(Ημέρα)27;(Μήνας)Sep.-(Ημέρα;(Μήνας)Oct.;(Έτος)2012</subfield>
   <subfield code="y">23</subfield>
  </datafield>
  <datafield tag="852" ind1=" " ind2=" ">
   <subfield code="a">INST</subfield>
   <subfield code="b">UNIPILB</subfield>
   <subfield code="c">SERIALS</subfield>
   <subfield code="e">20121105</subfield>
   <subfield code="h">Αλφαβητική σειρά</subfield>
   <subfield code="p">77014</subfield>
   <subfield code="q">77014</subfield>
   <subfield code="t">NOLOAN</subfield>
   <subfield code="v">vol.18;no.35:(Ημέρες)4-10;(Μήνας)Oct.;(Έτος)2012</subfield>
   <subfield code="y">23</subfield>
  </datafield>
  <datafield tag="852" ind1=" " ind2=" ">
   <subfield code="a">INST</subfield>
   <subfield code="b">UNIPILB</subfield>
   <subfield code="c">SERIALS</subfield>
   <subfield code="e">20121105</subfield>
   <subfield code="h">Αλφαβητική σειρά</subfield>
   <subfield code="p">77015</subfield>
   <subfield code="q">77015</subfield>
   <subfield code="t">NOLOAN</subfield>
   <subfield code="v">vol.18;no.36:(Ημέρες)11-17;(Μήνας)Oct.;(Έτος)2012</subfield>
   <subfield code="y">23</subfield>
  </datafield>
  <datafield tag="852" ind1=" " ind2=" ">
   <subfield code="a">INST</subfield>
   <subfield code="b">UNIPILB</subfield>
   <subfield code="c">SERIALS</subfield>
   <subfield code="e">20121105</subfield>
   <subfield code="h">Αλφαβητική σειρά</subfield>
   <subfield code="p">77016</subfield>
   <subfield code="q">77016</subfield>
   <subfield code="t">NOLOAN</subfield>
   <subfield code="v">vol.18;no.37:(Ημέρες)18-24;(Μήνας)Oct.;(Έτος)2012</subfield>
   <subfield code="y">23</subfield>
  </datafield>
  <datafield tag="852" ind1=" " ind2=" ">
   <subfield code="a">INST</subfield>
   <subfield code="b">UNIPILB</subfield>
   <subfield code="c">SERIALS</subfield>
   <subfield code="e">20121119</subfield>
   <subfield code="h">Αλφαβητική σειρά</subfield>
   <subfield code="p">77109</subfield>
   <subfield code="q">77109</subfield>
   <subfield code="t">NOLOAN</subfield>
   <subfield code="v">vol.18;no.38:(Ημέρες)25-31;(Μήνας)Oct.;(Έτος)2012</subfield>
   <subfield code="y">23</subfield>
  </datafield>
  <datafield tag="852" ind1=" " ind2=" ">
   <subfield code="a">INST</subfield>
   <subfield code="b">UNIPILB</subfield>
   <subfield code="c">SERIALS</subfield>
   <subfield code="e">20121119</subfield>
   <subfield code="h">Αλφαβητική σειρά</subfield>
   <subfield code="p">77110</subfield>
   <subfield code="q">77110</subfield>
   <subfield code="t">NOLOAN</subfield>
   <subfield code="v">vol.18;no.39:(Ημέρες)1-7;(Μήνας)Nov.;(Έτος)2012</subfield>
   <subfield code="y">23</subfield>
  </datafield>
  <datafield tag="852" ind1=" " ind2=" ">
   <subfield code="a">INST</subfield>
   <subfield code="b">UNIPILB</subfield>
   <subfield code="c">SERIALS</subfield>
   <subfield code="e">20121203</subfield>
   <subfield code="h">Αλφαβητική σειρά</subfield>
   <subfield code="p">77239</subfield>
   <subfield code="q">77239</subfield>
   <subfield code="t">NOLOAN</subfield>
   <subfield code="v">vol.18;no.40:(Ημέρες)8-14;(Μήνας)Nov.;(Έτος)2012</subfield>
   <subfield code="y">23</subfield>
  </datafield>
  <datafield tag="852" ind1=" " ind2=" ">
   <subfield code="a">INST</subfield>
   <subfield code="b">UNIPILB</subfield>
   <subfield code="c">SERIALS</subfield>
   <subfield code="e">20121203</subfield>
   <subfield code="h">Αλφαβητική σειρά</subfield>
   <subfield code="p">77240</subfield>
   <subfield code="q">77240</subfield>
   <subfield code="t">NOLOAN</subfield>
   <subfield code="v">vol.18;no.41:(Ημέρες)15-21;(Μήνας)Nov.;(Έτος)2012</subfield>
   <subfield code="y">23</subfield>
  </datafield>
  <datafield tag="852" ind1=" " ind2=" ">
   <subfield code="a">INST</subfield>
   <subfield code="b">UNIPILB</subfield>
   <subfield code="c">SERIALS</subfield>
   <subfield code="e">20121217</subfield>
   <subfield code="h">Αλφαβητική σειρά</subfield>
   <subfield code="p">77362</subfield>
   <subfield code="q">77362</subfield>
   <subfield code="t">NOLOAN</subfield>
   <subfield code="v">vol.18;no.42:(Ημέρες)22-28;(Μήνας)Nov.;(Έτος)2012</subfield>
   <subfield code="y">23</subfield>
  </datafield>
  <datafield tag="852" ind1=" " ind2=" ">
   <subfield code="a">INST</subfield>
   <subfield code="b">UNIPILB</subfield>
   <subfield code="c">SERIALS</subfield>
   <subfield code="e">20121217</subfield>
   <subfield code="h">Αλφαβητική σειρά</subfield>
   <subfield code="p">77363</subfield>
   <subfield code="q">77363</subfield>
   <subfield code="t">NOLOAN</subfield>
   <subfield code="v">vol.18;no.43:(Ημέρα)29;(Μήνας)Nov.-(Ημέρα;(Μήνας)Dec.;(Έτος)2012</subfield>
   <subfield code="y">23</subfield>
  </datafield>
  <datafield tag="852" ind1=" " ind2=" ">
   <subfield code="a">INST</subfield>
   <subfield code="b">UNIPILB</subfield>
   <subfield code="c">SERIALS</subfield>
   <subfield code="e">20130114</subfield>
   <subfield code="h">Αλφαβητική σειρά</subfield>
   <subfield code="p">77457</subfield>
   <subfield code="q">77457</subfield>
   <subfield code="t">NOLOAN</subfield>
   <subfield code="v">vol.18;no.44:(Ημέρες)6-12;(Μήνας)Dec.;(Έτος)2012</subfield>
   <subfield code="y">23</subfield>
  </datafield>
  <datafield tag="852" ind1=" " ind2=" ">
   <subfield code="a">INST</subfield>
   <subfield code="b">UNIPILB</subfield>
   <subfield code="c">SERIALS</subfield>
   <subfield code="e">20130114</subfield>
   <subfield code="h">Αλφαβητική σειρά</subfield>
   <subfield code="p">77458</subfield>
   <subfield code="q">77458</subfield>
   <subfield code="t">NOLOAN</subfield>
   <subfield code="v">vol.18;no.45:(Ημέρες)13-19;(Μήνας)Dec.;(Έτος)2012</subfield>
   <subfield code="y">23</subfield>
  </datafield>
  <datafield tag="852" ind1=" " ind2=" ">
   <subfield code="a">INST</subfield>
   <subfield code="b">UNIPILB</subfield>
   <subfield code="c">SERIALS</subfield>
   <subfield code="e">20130114</subfield>
   <subfield code="h">Αλφαβητική σειρά</subfield>
   <subfield code="p">77459</subfield>
   <subfield code="q">77459</subfield>
   <subfield code="t">NOLOAN</subfield>
   <subfield code="v">vol.18;no.46:(Ημέρες)20-26;(Μήνας)Dec.;(Έτος)2012</subfield>
   <subfield code="y">23</subfield>
  </datafield>
  <datafield tag="852" ind1=" " ind2=" ">
   <subfield code="a">INST</subfield>
   <subfield code="b">UNIPILB</subfield>
   <subfield code="c">SERIALS</subfield>
   <subfield code="e">20130225</subfield>
   <subfield code="h">Αλφαβητική σειρά</subfield>
   <subfield code="p">78179</subfield>
   <subfield code="q">78179</subfield>
   <subfield code="t">NOLOAN</subfield>
   <subfield code="v">vol.19;no.1:(Ημέρες)10-16;(Μήνας)Jan.;(Έτος)2013</subfield>
   <subfield code="y">23</subfield>
  </datafield>
  <datafield tag="852" ind1=" " ind2=" ">
   <subfield code="a">INST</subfield>
   <subfield code="b">UNIPILB</subfield>
   <subfield code="c">SERIALS</subfield>
   <subfield code="e">20130225</subfield>
   <subfield code="h">Αλφαβητική σειρά</subfield>
   <subfield code="p">78180</subfield>
   <subfield code="q">78180</subfield>
   <subfield code="t">NOLOAN</subfield>
   <subfield code="v">vol.19;no.2:(Ημέρες)17-23;(Μήνας)Jan.;(Έτος)2013</subfield>
   <subfield code="y">23</subfield>
  </datafield>
  <datafield tag="852" ind1=" " ind2=" ">
   <subfield code="a">INST</subfield>
   <subfield code="b">UNIPILB</subfield>
   <subfield code="c">SERIALS</subfield>
   <subfield code="e">20130225</subfield>
   <subfield code="h">Αλφαβητική σειρά</subfield>
   <subfield code="p">78181</subfield>
   <subfield code="q">78181</subfield>
   <subfield code="t">NOLOAN</subfield>
   <subfield code="v">vol.19;no.3:(Ημέρες)24-30;(Μήνας)Jan.;(Έτος)2013</subfield>
   <subfield code="y">23</subfield>
  </datafield>
  <datafield tag="852" ind1=" " ind2=" ">
   <subfield code="a">INST</subfield>
   <subfield code="b">UNIPILB</subfield>
   <subfield code="c">SERIALS</subfield>
   <subfield code="e">20130225</subfield>
   <subfield code="h">Αλφαβητική σειρά</subfield>
   <subfield code="p">78182</subfield>
   <subfield code="q">78182</subfield>
   <subfield code="t">NOLOAN</subfield>
   <subfield code="v">vol.19;no.4:(Ημέρα)31;(Μήνας)Jan.-(Ημέρα;(Μήνας)Feb.;(Έτος)2013</subfield>
   <subfield code="y">23</subfield>
  </datafield>
  <datafield tag="852" ind1=" " ind2=" ">
   <subfield code="a">INST</subfield>
   <subfield code="b">UNIPILB</subfield>
   <subfield code="c">SERIALS</subfield>
   <subfield code="e">20130225</subfield>
   <subfield code="h">Αλφαβητική σειρά</subfield>
   <subfield code="p">78183</subfield>
   <subfield code="q">78183</subfield>
   <subfield code="t">NOLOAN</subfield>
   <subfield code="v">vol.19;no.5:(Ημέρες)7-13;(Μήνας)Feb.;(Έτος)2013</subfield>
   <subfield code="y">23</subfield>
  </datafield>
  <datafield tag="852" ind1=" " ind2=" ">
   <subfield code="a">INST</subfield>
   <subfield code="b">UNIPILB</subfield>
   <subfield code="c">SERIALS</subfield>
   <subfield code="e">20130313</subfield>
   <subfield code="h">Αλφαβητική σειρά</subfield>
   <subfield code="p">78401</subfield>
   <subfield code="q">78401</subfield>
   <subfield code="t">NOLOAN</subfield>
   <subfield code="v">vol.EU Studies Guide:(Έτος)2011</subfield>
   <subfield code="y">23</subfield>
  </datafield>
  <datafield tag="852" ind1=" " ind2=" ">
   <subfield code="a">INST</subfield>
   <subfield code="b">UNIPILB</subfield>
   <subfield code="c">SERIALS</subfield>
   <subfield code="e">20130314</subfield>
   <subfield code="h">Αλφαβητική σειρά</subfield>
   <subfield code="p">78408</subfield>
   <subfield code="q">78408</subfield>
   <subfield code="t">NOLOAN</subfield>
   <subfield code="v">vol.17;no.21:(Ημέρα)26;(Μήνας)May-(Ημέρα;(Μήνας)Jun.;(Έτος)2011</subfield>
   <subfield code="y">23</subfield>
  </datafield>
  <datafield tag="852" ind1=" " ind2=" ">
   <subfield code="a">INST</subfield>
   <subfield code="b">UNIPILB</subfield>
   <subfield code="c">SERIALS</subfield>
   <subfield code="e">20130314</subfield>
   <subfield code="h">Αλφαβητική σειρά</subfield>
   <subfield code="p">78430</subfield>
   <subfield code="q">78430</subfield>
   <subfield code="t">NOLOAN</subfield>
   <subfield code="v">vol.17;no.7:(Ημέρες)17-23;(Μήνας)Feb.;(Έτος)2011</subfield>
   <subfield code="y">23</subfield>
  </datafield>
  <datafield tag="852" ind1=" " ind2=" ">
   <subfield code="a">INST</subfield>
   <subfield code="b">UNIPILB</subfield>
   <subfield code="c">SERIALS</subfield>
   <subfield code="e">20130314</subfield>
   <subfield code="h">Αλφαβητική σειρά</subfield>
   <subfield code="p">78431</subfield>
   <subfield code="q">78431</subfield>
   <subfield code="t">NOLOAN</subfield>
   <subfield code="v">vol.17;no.8:(Ημέρα)24;(Μήνας)Feb.-(Ημέρα;(Μήνας)Mar.;(Έτος)2011</subfield>
   <subfield code="y">23</subfield>
  </datafield>
  <datafield tag="852" ind1=" " ind2=" ">
   <subfield code="a">INST</subfield>
   <subfield code="b">UNIPILB</subfield>
   <subfield code="c">SERIALS</subfield>
   <subfield code="e">20130314</subfield>
   <subfield code="h">Αλφαβητική σειρά</subfield>
   <subfield code="p">78432</subfield>
   <subfield code="q">78432</subfield>
   <subfield code="t">NOLOAN</subfield>
   <subfield code="v">vol.17;no.9:(Ημέρες)3-9;(Μήνας)Mar.;(Έτος)2011</subfield>
   <subfield code="y">23</subfield>
  </datafield>
  <datafield tag="852" ind1=" " ind2=" ">
   <subfield code="a">INST</subfield>
   <subfield code="b">UNIPILB</subfield>
   <subfield code="c">SERIALS</subfield>
   <subfield code="e">20130314</subfield>
   <subfield code="h">Αλφαβητική σειρά</subfield>
   <subfield code="p">78433</subfield>
   <subfield code="q">78433</subfield>
   <subfield code="t">NOLOAN</subfield>
   <subfield code="v">vol.17;no.10:(Ημέρες)10-16;(Μήνας)Mar.;(Έτος)2011</subfield>
   <subfield code="y">23</subfield>
  </datafield>
  <datafield tag="852" ind1=" " ind2=" ">
   <subfield code="a">INST</subfield>
   <subfield code="b">UNIPILB</subfield>
   <subfield code="c">SERIALS</subfield>
   <subfield code="e">20130314</subfield>
   <subfield code="h">Αλφαβητική σειρά</subfield>
   <subfield code="p">78434</subfield>
   <subfield code="q">78434</subfield>
   <subfield code="t">NOLOAN</subfield>
   <subfield code="v">vol.17;no.11:(Ημέρες)17-23;(Μήνας)Mar.;(Έτος)2011</subfield>
   <subfield code="y">23</subfield>
  </datafield>
  <datafield tag="852" ind1=" " ind2=" ">
   <subfield code="a">INST</subfield>
   <subfield code="b">UNIPILB</subfield>
   <subfield code="c">SERIALS</subfield>
   <subfield code="e">20130314</subfield>
   <subfield code="h">Αλφαβητική σειρά</subfield>
   <subfield code="p">78435</subfield>
   <subfield code="q">78435</subfield>
   <subfield code="t">NOLOAN</subfield>
   <subfield code="v">vol.17;no.12:(Ημέρες)24-30;(Μήνας)Mar.;(Έτος)2011</subfield>
   <subfield code="y">23</subfield>
  </datafield>
  <datafield tag="852" ind1=" " ind2=" ">
   <subfield code="a">INST</subfield>
   <subfield code="b">UNIPILB</subfield>
   <subfield code="c">SERIALS</subfield>
   <subfield code="e">20130314</subfield>
   <subfield code="h">Αλφαβητική σειρά</subfield>
   <subfield code="p">78436</subfield>
   <subfield code="q">78436</subfield>
   <subfield code="t">NOLOAN</subfield>
   <subfield code="v">vol.17;no.13:(Ημέρα)31;(Μήνας)Mar.-(Ημέρα;(Μήνας)Apr.;(Έτος)2011</subfield>
   <subfield code="y">23</subfield>
  </datafield>
  <datafield tag="852" ind1=" " ind2=" ">
   <subfield code="a">INST</subfield>
   <subfield code="b">UNIPILB</subfield>
   <subfield code="c">SERIALS</subfield>
   <subfield code="e">20130314</subfield>
   <subfield code="h">Αλφαβητική σειρά</subfield>
   <subfield code="p">78437</subfield>
   <subfield code="q">78437</subfield>
   <subfield code="t">NOLOAN</subfield>
   <subfield code="v">vol.17;no.14:(Ημέρες)7-13;(Μήνας)Apr.;(Έτος)2011</subfield>
   <subfield code="y">23</subfield>
  </datafield>
  <datafield tag="852" ind1=" " ind2=" ">
   <subfield code="a">INST</subfield>
   <subfield code="b">UNIPILB</subfield>
   <subfield code="c">SERIALS</subfield>
   <subfield code="e">20130314</subfield>
   <subfield code="h">Αλφαβητική σειρά</subfield>
   <subfield code="p">78438</subfield>
   <subfield code="q">78438</subfield>
   <subfield code="t">NOLOAN</subfield>
   <subfield code="v">vol.17;no.15:(Ημέρες)14-20;(Μήνας)Apr.;(Έτος)2011</subfield>
   <subfield code="y">23</subfield>
  </datafield>
  <datafield tag="852" ind1=" " ind2=" ">
   <subfield code="a">INST</subfield>
   <subfield code="b">UNIPILB</subfield>
   <subfield code="c">SERIALS</subfield>
   <subfield code="e">20130314</subfield>
   <subfield code="h">Αλφαβητική σειρά</subfield>
   <subfield code="p">78439</subfield>
   <subfield code="q">78439</subfield>
   <subfield code="t">NOLOAN</subfield>
   <subfield code="v">vol.17;no.16:(Ημέρες)21-27;(Μήνας)Apr.;(Έτος)2011</subfield>
   <subfield code="y">23</subfield>
  </datafield>
  <datafield tag="852" ind1=" " ind2=" ">
   <subfield code="a">INST</subfield>
   <subfield code="b">UNIPILB</subfield>
   <subfield code="c">SERIALS</subfield>
   <subfield code="e">20130408</subfield>
   <subfield code="h">Αλφαβητική σειρά</subfield>
   <subfield code="p">78843</subfield>
   <subfield code="q">78843</subfield>
   <subfield code="t">NOLOAN</subfield>
   <subfield code="v">vol.19;no.6:(Ημέρες)14-20;(Μήνας)Feb.;(Έτος)2013</subfield>
   <subfield code="y">23</subfield>
  </datafield>
  <datafield tag="852" ind1=" " ind2=" ">
   <subfield code="a">INST</subfield>
   <subfield code="b">UNIPILB</subfield>
   <subfield code="c">SERIALS</subfield>
   <subfield code="e">20130408</subfield>
   <subfield code="h">Αλφαβητική σειρά</subfield>
   <subfield code="p">78844</subfield>
   <subfield code="q">78844</subfield>
   <subfield code="t">NOLOAN</subfield>
   <subfield code="v">vol.19;no.7:(Ημέρες)21-27;(Μήνας)Feb.;(Έτος)2013</subfield>
   <subfield code="y">23</subfield>
  </datafield>
  <datafield tag="852" ind1=" " ind2=" ">
   <subfield code="a">INST</subfield>
   <subfield code="b">UNIPILB</subfield>
   <subfield code="c">SERIALS</subfield>
   <subfield code="e">20130408</subfield>
   <subfield code="h">Αλφαβητική σειρά</subfield>
   <subfield code="p">78845</subfield>
   <subfield code="q">78845</subfield>
   <subfield code="t">NOLOAN</subfield>
   <subfield code="v">vol.19;no.8:(Ημέρα)28;(Μήνας)Feb.-(Ημέρα;(Μήνας)Mar.;(Έτος)2013</subfield>
   <subfield code="y">23</subfield>
  </datafield>
  <datafield tag="852" ind1=" " ind2=" ">
   <subfield code="a">INST</subfield>
   <subfield code="b">UNIPILB</subfield>
   <subfield code="c">SERIALS</subfield>
   <subfield code="e">20130408</subfield>
   <subfield code="h">Αλφαβητική σειρά</subfield>
   <subfield code="p">78846</subfield>
   <subfield code="q">78846</subfield>
   <subfield code="t">NOLOAN</subfield>
   <subfield code="v">vol.19;no.9:(Ημέρες)7-13;(Μήνας)Mar.;(Έτος)2013</subfield>
   <subfield code="y">23</subfield>
  </datafield>
  <datafield tag="852" ind1=" " ind2=" ">
   <subfield code="a">INST</subfield>
   <subfield code="b">UNIPILB</subfield>
   <subfield code="c">SERIALS</subfield>
   <subfield code="e">20130408</subfield>
   <subfield code="h">Αλφαβητική σειρά</subfield>
   <subfield code="p">78847</subfield>
   <subfield code="q">78847</subfield>
   <subfield code="t">NOLOAN</subfield>
   <subfield code="v">vol.19;no.10:(Ημέρες)14-20;(Μήνας)Mar.;(Έτος)2013</subfield>
   <subfield code="y">23</subfield>
  </datafield>
  <datafield tag="852" ind1=" " ind2=" ">
   <subfield code="a">INST</subfield>
   <subfield code="b">UNIPILB</subfield>
   <subfield code="c">SERIALS</subfield>
   <subfield code="e">20130408</subfield>
   <subfield code="h">Αλφαβητική σειρά</subfield>
   <subfield code="p">78848</subfield>
   <subfield code="q">78848</subfield>
   <subfield code="t">NOLOAN</subfield>
   <subfield code="v">vol.19;no.11:(Ημέρες)21-27;(Μήνας)Mar.;(Έτος)2013</subfield>
   <subfield code="y">23</subfield>
  </datafield>
  <datafield tag="852" ind1=" " ind2=" ">
   <subfield code="a">INST</subfield>
   <subfield code="b">UNIPILB</subfield>
   <subfield code="c">SERIALS</subfield>
   <subfield code="e">20130517</subfield>
   <subfield code="h">Αλφαβητική σειρά</subfield>
   <subfield code="p">79680</subfield>
   <subfield code="q">79680</subfield>
   <subfield code="t">NOLOAN</subfield>
   <subfield code="v">vol.19;no.12:(Ημέρα)27;(Μήνας)Mar.-(Ημέρα;(Μήνας)Apr.;(Έτος)2013</subfield>
   <subfield code="y">23</subfield>
  </datafield>
  <datafield tag="852" ind1=" " ind2=" ">
   <subfield code="a">INST</subfield>
   <subfield code="b">UNIPILB</subfield>
   <subfield code="c">SERIALS</subfield>
   <subfield code="e">20130517</subfield>
   <subfield code="h">Αλφαβητική σειρά</subfield>
   <subfield code="p">79681</subfield>
   <subfield code="q">79681</subfield>
   <subfield code="t">NOLOAN</subfield>
   <subfield code="v">vol.19;no.13:(Ημέρες)3-9;(Μήνας)Apr.;(Έτος)2013</subfield>
   <subfield code="y">23</subfield>
  </datafield>
  <datafield tag="852" ind1=" " ind2=" ">
   <subfield code="a">INST</subfield>
   <subfield code="b">UNIPILB</subfield>
   <subfield code="c">SERIALS</subfield>
   <subfield code="e">20130517</subfield>
   <subfield code="h">Αλφαβητική σειρά</subfield>
   <subfield code="p">79682</subfield>
   <subfield code="q">79682</subfield>
   <subfield code="t">NOLOAN</subfield>
   <subfield code="v">vol.19;no.14:(Ημέρες)11-16;(Μήνας)Apr.;(Έτος)2013</subfield>
   <subfield code="y">23</subfield>
  </datafield>
  <datafield tag="852" ind1=" " ind2=" ">
   <subfield code="a">INST</subfield>
   <subfield code="b">UNIPILB</subfield>
   <subfield code="c">SERIALS</subfield>
   <subfield code="e">20130517</subfield>
   <subfield code="h">Αλφαβητική σειρά</subfield>
   <subfield code="p">79683</subfield>
   <subfield code="q">79683</subfield>
   <subfield code="t">NOLOAN</subfield>
   <subfield code="v">vol.19;no.15:(Ημέρες)18-24;(Μήνας)Apr.;(Έτος)2013</subfield>
   <subfield code="y">23</subfield>
  </datafield>
  <datafield tag="852" ind1=" " ind2=" ">
   <subfield code="a">INST</subfield>
   <subfield code="b">UNIPILB</subfield>
   <subfield code="c">SERIALS</subfield>
   <subfield code="e">20130517</subfield>
   <subfield code="h">Αλφαβητική σειρά</subfield>
   <subfield code="p">79684</subfield>
   <subfield code="q">79684</subfield>
   <subfield code="t">NOLOAN</subfield>
   <subfield code="v">vol.19;no.16:(Ημέρα)25;(Μήνας)Apr.-(Ημέρα;(Μήνας)May;(Έτος)2013</subfield>
   <subfield code="y">23</subfield>
  </datafield>
  <datafield tag="852" ind1=" " ind2=" ">
   <subfield code="a">INST</subfield>
   <subfield code="b">UNIPILB</subfield>
   <subfield code="c">SERIALS</subfield>
   <subfield code="e">20130614</subfield>
   <subfield code="h">Αλφαβητική σειρά</subfield>
   <subfield code="p">80116</subfield>
   <subfield code="q">80116</subfield>
   <subfield code="t">NOLOAN</subfield>
   <subfield code="v">vol.19;no.17:(Ημέρες)2-8;(Μήνας)May;(Έτος)2013</subfield>
   <subfield code="y">23</subfield>
  </datafield>
  <datafield tag="852" ind1=" " ind2=" ">
   <subfield code="a">INST</subfield>
   <subfield code="b">UNIPILB</subfield>
   <subfield code="c">SERIALS</subfield>
   <subfield code="e">20130614</subfield>
   <subfield code="h">Αλφαβητική σειρά</subfield>
   <subfield code="p">80117</subfield>
   <subfield code="q">80117</subfield>
   <subfield code="t">NOLOAN</subfield>
   <subfield code="v">vol.19;no.18:(Ημέρες)9-15;(Μήνας)May;(Έτος)2013</subfield>
   <subfield code="y">23</subfield>
  </datafield>
  <datafield tag="852" ind1=" " ind2=" ">
   <subfield code="a">INST</subfield>
   <subfield code="b">UNIPILB</subfield>
   <subfield code="c">SERIALS</subfield>
   <subfield code="e">20130614</subfield>
   <subfield code="h">Αλφαβητική σειρά</subfield>
   <subfield code="p">80118</subfield>
   <subfield code="q">80118</subfield>
   <subfield code="t">NOLOAN</subfield>
   <subfield code="v">vol.19;no.19:(Ημέρες)16-22;(Μήνας)May;(Έτος)2013</subfield>
   <subfield code="y">23</subfield>
  </datafield>
  <datafield tag="852" ind1=" " ind2=" ">
   <subfield code="a">INST</subfield>
   <subfield code="b">UNIPILB</subfield>
   <subfield code="c">SERIALS</subfield>
   <subfield code="e">20130614</subfield>
   <subfield code="h">Αλφαβητική σειρά</subfield>
   <subfield code="p">80119</subfield>
   <subfield code="q">80119</subfield>
   <subfield code="t">NOLOAN</subfield>
   <subfield code="v">vol.19;no.20:(Ημέρες)23-29;(Μήνας)May;(Έτος)2013</subfield>
   <subfield code="y">23</subfield>
  </datafield>
  <datafield tag="852" ind1=" " ind2=" ">
   <subfield code="a">INST</subfield>
   <subfield code="b">UNIPILB</subfield>
   <subfield code="c">SERIALS</subfield>
   <subfield code="e">20130614</subfield>
   <subfield code="h">Αλφαβητική σειρά</subfield>
   <subfield code="p">80120</subfield>
   <subfield code="q">80120</subfield>
   <subfield code="t">NOLOAN</subfield>
   <subfield code="v">vol.19;no.21:(Ημέρα)30;(Μήνας)May-(Ημέρα;(Μήνας)Jun.;(Έτος)2013</subfield>
   <subfield code="y">23</subfield>
  </datafield>
  <datafield tag="852" ind1=" " ind2=" ">
   <subfield code="a">INST</subfield>
   <subfield code="b">UNIPILB</subfield>
   <subfield code="c">SERIALS</subfield>
   <subfield code="e">20130711</subfield>
   <subfield code="h">Αλφαβητική σειρά</subfield>
   <subfield code="p">80494</subfield>
   <subfield code="q">80494</subfield>
   <subfield code="t">NOLOAN</subfield>
   <subfield code="v">vol.19;no.22:(Ημέρες)6-12;(Μήνας)Jun.;(Έτος)2013</subfield>
   <subfield code="y">23</subfield>
  </datafield>
  <datafield tag="852" ind1=" " ind2=" ">
   <subfield code="a">INST</subfield>
   <subfield code="b">UNIPILB</subfield>
   <subfield code="c">SERIALS</subfield>
   <subfield code="e">20130711</subfield>
   <subfield code="h">Αλφαβητική σειρά</subfield>
   <subfield code="p">80495</subfield>
   <subfield code="q">80495</subfield>
   <subfield code="t">NOLOAN</subfield>
   <subfield code="v">vol.19;no.23:(Ημέρες)13-19;(Μήνας)Jun.;(Έτος)2013</subfield>
   <subfield code="y">23</subfield>
  </datafield>
  <datafield tag="852" ind1=" " ind2=" ">
   <subfield code="a">INST</subfield>
   <subfield code="b">UNIPILB</subfield>
   <subfield code="c">SERIALS</subfield>
   <subfield code="e">20130711</subfield>
   <subfield code="h">Αλφαβητική σειρά</subfield>
   <subfield code="p">80496</subfield>
   <subfield code="q">80496</subfield>
   <subfield code="t">NOLOAN</subfield>
   <subfield code="v">vol.19;no.24:(Ημέρες)20-26;(Μήνας)Jun.;(Έτος)2013</subfield>
   <subfield code="y">23</subfield>
  </datafield>
  <datafield tag="852" ind1=" " ind2=" ">
   <subfield code="a">INST</subfield>
   <subfield code="b">UNIPILB</subfield>
   <subfield code="c">SERIALS</subfield>
   <subfield code="e">20130909</subfield>
   <subfield code="h">Αλφαβητική σειρά</subfield>
   <subfield code="p">80840</subfield>
   <subfield code="q">80840</subfield>
   <subfield code="t">NOLOAN</subfield>
   <subfield code="v">vol.19;no.25:(Ημέρα)27;(Μήνας)Jun.-(Ημέρα;(Μήνας)Jul.;(Έτος)2013</subfield>
   <subfield code="y">23</subfield>
  </datafield>
  <datafield tag="852" ind1=" " ind2=" ">
   <subfield code="a">INST</subfield>
   <subfield code="b">UNIPILB</subfield>
   <subfield code="c">SERIALS</subfield>
   <subfield code="e">20131203</subfield>
   <subfield code="h">Αλφαβητική σειρά</subfield>
   <subfield code="p">81547</subfield>
   <subfield code="q">81547</subfield>
   <subfield code="t">NOLOAN</subfield>
   <subfield code="v">vol.19;no.26:(Ημέρες)4-10;(Μήνας)Jul.;(Έτος)2013</subfield>
   <subfield code="y">23</subfield>
  </datafield>
  <datafield tag="852" ind1=" " ind2=" ">
   <subfield code="a">INST</subfield>
   <subfield code="b">UNIPILB</subfield>
   <subfield code="c">SERIALS</subfield>
   <subfield code="e">20131203</subfield>
   <subfield code="h">Αλφαβητική σειρά</subfield>
   <subfield code="p">81548</subfield>
   <subfield code="q">81548</subfield>
   <subfield code="t">NOLOAN</subfield>
   <subfield code="v">vol.19;no.27:(Ημέρες)11-17;(Μήνας)Jul.;(Έτος)2013</subfield>
   <subfield code="y">23</subfield>
  </datafield>
  <datafield tag="852" ind1=" " ind2=" ">
   <subfield code="a">INST</subfield>
   <subfield code="b">UNIPILB</subfield>
   <subfield code="c">SERIALS</subfield>
   <subfield code="e">20131203</subfield>
   <subfield code="h">Αλφαβητική σειρά</subfield>
   <subfield code="p">81549</subfield>
   <subfield code="q">81549</subfield>
   <subfield code="t">NOLOAN</subfield>
   <subfield code="v">vol.19;no.28:(Ημέρες)18-24;(Μήνας)Jul.;(Έτος)2013</subfield>
   <subfield code="y">23</subfield>
  </datafield>
  <datafield tag="852" ind1=" " ind2=" ">
   <subfield code="a">INST</subfield>
   <subfield code="b">UNIPILB</subfield>
   <subfield code="c">SERIALS</subfield>
   <subfield code="e">20131203</subfield>
   <subfield code="h">Αλφαβητική σειρά</subfield>
   <subfield code="p">81550</subfield>
   <subfield code="q">81550</subfield>
   <subfield code="t">NOLOAN</subfield>
   <subfield code="v">vol.19;no.29:(Ημέρες)25-31;(Μήνας)Jul.;(Έτος)2013</subfield>
   <subfield code="y">23</subfield>
  </datafield>
  <datafield tag="852" ind1=" " ind2=" ">
   <subfield code="a">INST</subfield>
   <subfield code="b">UNIPILB</subfield>
   <subfield code="c">SERIALS</subfield>
   <subfield code="e">20131203</subfield>
   <subfield code="h">Αλφαβητική σειρά</subfield>
   <subfield code="p">81551</subfield>
   <subfield code="q">81551</subfield>
   <subfield code="t">NOLOAN</subfield>
   <subfield code="v">vol.19;no.40:(Ημέρες)14-20;(Μήνας)Nov.;(Έτος)2013</subfield>
   <subfield code="y">23</subfield>
  </datafield>
  <datafield tag="852" ind1=" " ind2=" ">
   <subfield code="a">INST</subfield>
   <subfield code="b">UNIPILB</subfield>
   <subfield code="c">SERIALS</subfield>
   <subfield code="e">20131219</subfield>
   <subfield code="h">Αλφαβητική σειρά</subfield>
   <subfield code="p">81678</subfield>
   <subfield code="q">81678</subfield>
   <subfield code="t">NOLOAN</subfield>
   <subfield code="v">vol.19;no.41:(Ημέρες)21-27;(Μήνας)Nov.;(Έτος)2013</subfield>
   <subfield code="y">23</subfield>
  </datafield>
  <datafield tag="852" ind1=" " ind2=" ">
   <subfield code="a">INST</subfield>
   <subfield code="b">UNIPILB</subfield>
   <subfield code="c">SERIALS</subfield>
   <subfield code="e">20140110</subfield>
   <subfield code="h">Αλφαβητική σειρά</subfield>
   <subfield code="p">81747</subfield>
   <subfield code="q">81747</subfield>
   <subfield code="t">NOLOAN</subfield>
   <subfield code="v">vol.19;no.42:(Ημέρα)28;(Μήνας)Nov.-(Ημέρα;(Μήνας)Dec.;(Έτος)2013</subfield>
   <subfield code="y">23</subfield>
  </datafield>
  <datafield tag="852" ind1=" " ind2=" ">
   <subfield code="a">INST</subfield>
   <subfield code="b">UNIPILB</subfield>
   <subfield code="c">SERIALS</subfield>
   <subfield code="e">20140110</subfield>
   <subfield code="h">Αλφαβητική σειρά</subfield>
   <subfield code="p">81748</subfield>
   <subfield code="q">81748</subfield>
   <subfield code="t">NOLOAN</subfield>
   <subfield code="v">vol.19;no.43:(Ημέρες)5-11;(Μήνας)Dec.;(Έτος)2013</subfield>
   <subfield code="y">23</subfield>
  </datafield>
  <datafield tag="852" ind1=" " ind2=" ">
   <subfield code="a">INST</subfield>
   <subfield code="b">UNIPILB</subfield>
   <subfield code="c">SERIALS</subfield>
   <subfield code="e">20140110</subfield>
   <subfield code="h">Αλφαβητική σειρά</subfield>
   <subfield code="p">81749</subfield>
   <subfield code="q">81749</subfield>
   <subfield code="t">NOLOAN</subfield>
   <subfield code="v">vol.19;no.44:(Ημέρες)12-18;(Μήνας)Dec.;(Έτος)2013</subfield>
   <subfield code="y">23</subfield>
  </datafield>
  <datafield tag="852" ind1=" " ind2=" ">
   <subfield code="a">INST</subfield>
   <subfield code="b">UNIPILB</subfield>
   <subfield code="c">SERIALS</subfield>
   <subfield code="e">20140127</subfield>
   <subfield code="h">Αλφαβητική σειρά</subfield>
   <subfield code="p">81931</subfield>
   <subfield code="q">81931</subfield>
   <subfield code="t">NOLOAN</subfield>
   <subfield code="v">vol.19;no.45:(Ημέρες)19-25;(Μήνας)Dec.;(Έτος)2013</subfield>
   <subfield code="y">23</subfield>
  </datafield>
  <datafield tag="856" ind1="4" ind2="1">
   <subfield code="u">http://www.european-voice.com/</subfield>
  </datafield>
  <datafield tag="900" ind1=" " ind2=" ">
   <subfield code="a">Vol. 19 no. 46 (26 Dec.-1 Jan., 2013)</subfield>
   <subfield code="b">Οφειλόμενο</subfield>
   <subfield code="c">13/06/2017</subfield>
  </datafield>
  <datafield tag="900" ind1=" " ind2=" ">
   <subfield code="a">Vol. 17 no. 22 (2-8 Jun., 2011)</subfield>
   <subfield code="b">Οφειλόμενο</subfield>
   <subfield code="c">22/09/2011</subfield>
  </datafield>
  <datafield tag="900" ind1=" " ind2=" ">
   <subfield code="a">Vol. 17 no. 23 (9-15 Jun., 2011)</subfield>
   <subfield code="b">Οφειλόμενο</subfield>
   <subfield code="c">22/09/2011</subfield>
  </datafield>
  <datafield tag="900" ind1=" " ind2=" ">
   <subfield code="a">Vol. 17 no. 24 (16-22 Jun., 2011)</subfield>
   <subfield code="b">Οφειλόμενο</subfield>
   <subfield code="c">22/09/2011</subfield>
  </datafield>
  <datafield tag="900" ind1=" " ind2=" ">
   <subfield code="a">Vol. 17 no. 25 (23-29 Jun., 2011)</subfield>
   <subfield code="b">Οφειλόμενο</subfield>
   <subfield code="c">22/09/2011</subfield>
  </datafield>
  <datafield tag="900" ind1=" " ind2=" ">
   <subfield code="a">Vol. 17 no. 26 (30 Jun.-6 Jul., 2011)</subfield>
   <subfield code="b">Οφειλόμενο</subfield>
   <subfield code="c">22/09/2011</subfield>
  </datafield>
  <datafield tag="900" ind1=" " ind2=" ">
   <subfield code="a">Vol. 17 no. 44 (1 Dec., 2011)</subfield>
   <subfield code="b">Οφειλόμενο</subfield>
   <subfield code="c">01/02/2012</subfield>
  </datafield>
  <datafield tag="900" ind1=" " ind2=" ">
   <subfield code="a">Vol. 18 no. 3 (19-25 Jan., 2012)</subfield>
   <subfield code="b">Οφειλόμενο</subfield>
   <subfield code="c">11/05/2012</subfield>
  </datafield>
  <datafield tag="900" ind1=" " ind2=" ">
   <subfield code="a">Vol. 18 no. 4 (26 Jan.-1 Feb., 2012)</subfield>
   <subfield code="b">Οφειλόμενο</subfield>
   <subfield code="c">11/05/2012</subfield>
  </datafield>
  <datafield tag="900" ind1=" " ind2=" ">
   <subfield code="a">Vol. 19 no. 30 (5-11 Sep., 2013)</subfield>
   <subfield code="b">Οφειλόμενο</subfield>
   <subfield code="c">13/06/2017</subfield>
  </datafield>
  <datafield tag="900" ind1=" " ind2=" ">
   <subfield code="a">Vol. 19 no. 31 (12-18 Sep., 2013)</subfield>
   <subfield code="b">Οφειλόμενο</subfield>
   <subfield code="c">13/06/2017</subfield>
  </datafield>
  <datafield tag="900" ind1=" " ind2=" ">
   <subfield code="a">Vol. 19 no. 32 (19-25 Sep., 2013)</subfield>
   <subfield code="b">Οφειλόμενο</subfield>
   <subfield code="c">13/06/2017</subfield>
  </datafield>
  <datafield tag="900" ind1=" " ind2=" ">
   <subfield code="a">Vol. 19 no. 33 (26 Sep.-2 Oct., 2013)</subfield>
   <subfield code="b">Οφειλόμενο</subfield>
   <subfield code="c">13/06/2017</subfield>
  </datafield>
  <datafield tag="900" ind1=" " ind2=" ">
   <subfield code="a">Vol. 19 no. 34 (3-9 Oct., 2013)</subfield>
   <subfield code="b">Οφειλόμενο</subfield>
   <subfield code="c">13/06/2017</subfield>
  </datafield>
  <datafield tag="900" ind1=" " ind2=" ">
   <subfield code="a">Vol. 19 no. 35 (10-16 Oct., 2013)</subfield>
   <subfield code="b">Οφειλόμενο</subfield>
   <subfield code="c">13/06/2017</subfield>
  </datafield>
  <datafield tag="900" ind1=" " ind2=" ">
   <subfield code="a">Vol. 19 no. 36 (17-23 Oct., 2013)</subfield>
   <subfield code="b">Οφειλόμενο</subfield>
   <subfield code="c">13/06/2017</subfield>
  </datafield>
  <datafield tag="900" ind1=" " ind2=" ">
   <subfield code="a">Vol. 19 no. 37 (24-30 Oct., 2013)</subfield>
   <subfield code="b">Οφειλόμενο</subfield>
   <subfield code="c">13/06/2017</subfield>
  </datafield>
  <datafield tag="900" ind1=" " ind2=" ">
   <subfield code="a">Vol. 19 no. 38 (31 Oct.-6 Nov., 2013)</subfield>
   <subfield code="b">Οφειλόμενο</subfield>
   <subfield code="c">13/06/2017</subfield>
  </datafield>
  <datafield tag="900" ind1=" " ind2=" ">
   <subfield code="a">Vol. 19 no. 39 (7-13 Nov., 2013)</subfield>
   <subfield code="b">Οφειλόμενο</subfield>
   <subfield code="c">13/06/2017</subfield>
  </datafield>
  <datafield tag="950" ind1=" " ind2=" ">
   <subfield code="a">22/04/2004</subfield>
   <subfield code="c">ANACO Κ. ΑΝΑΓΝΩΣΤΟΥ Ε.Π.Ε., ΜΗΧΑΝΗΜΑΤΑ ΚΑΙ ΣΥΣΤΗΜΑΤΑ ΟΡΓΑΝΩΣΗΣ ΓΡΑΦΕΙΟΥ</subfield>
   <subfield code="d">182</subfield>
  </datafield>
  <datafield tag="951" ind1=" " ind2=" ">
   <subfield code="a">The Economist : intelligent life (Vol. 4 no. 3 Spring 2011)</subfield>
   <subfield code="b">Supplements</subfield>
  </datafield>
  <datafield tag="951" ind1=" " ind2=" ">
   <subfield code="a">EU Studies Guide (2005)</subfield>
   <subfield code="b">Advance Sheets</subfield>
  </datafield>
  <datafield tag="951" ind1=" " ind2=" ">
   <subfield code="a">EU Studies Guide (2011)</subfield>
   <subfield code="b">Advance Sheets</subfield>
  </datafield>
  <datafield tag="951" ind1=" " ind2=" ">
   <subfield code="a">Vol. 10 no. 14 (22 Apr., 2004) - Vol. 10 no. 31 (25 Aug., 2004)</subfield>
   <subfield code="b">Main run</subfield>
  </datafield>
  <datafield tag="951" ind1=" " ind2=" ">
   <subfield code="a">Vol. 10 no. 29 (2 Sep., 2004) - Vol. 10 no. 44 (22 Dec., 2004)</subfield>
   <subfield code="b">Main run</subfield>
  </datafield>
  <datafield tag="951" ind1=" " ind2=" ">
   <subfield code="a">Vol. 11 no. 1 (13 Jan., 2005) - Vol. 11 no. 14 (20 Apr., 2005)</subfield>
   <subfield code="b">Main run</subfield>
  </datafield>
  <datafield tag="951" ind1=" " ind2=" ">
   <subfield code="a">Vol. 12 no. 7 (23 Feb., 2006) - Vol. 12 no. 12 (5 Apr., 2006)</subfield>
   <subfield code="b">Main run</subfield>
  </datafield>
  <datafield tag="951" ind1=" " ind2=" ">
   <subfield code="a">Vol. 13 no. 31 (30 Aug., 2007) - Vol. 13 no. 37 (17 Oct., 2007)</subfield>
   <subfield code="b">Main run</subfield>
  </datafield>
  <datafield tag="951" ind1=" " ind2=" ">
   <subfield code="a">Vol. 13 no. 39 (25-31 Oct., 2007)</subfield>
   <subfield code="b">Main run</subfield>
  </datafield>
  <datafield tag="951" ind1=" " ind2=" ">
   <subfield code="a">Vol. 13 no. 40  (31 Oct. - 7 Nov., 2007)</subfield>
   <subfield code="b">Main run</subfield>
  </datafield>
  <datafield tag="951" ind1=" " ind2=" ">
   <subfield code="a">Vol. 13 no. 45 (6 Dec., 2007) - Vol. 13 no. 47 (9 Jan., 2008)</subfield>
   <subfield code="b">Main run</subfield>
  </datafield>
  <datafield tag="951" ind1=" " ind2=" ">
   <subfield code="a">Vol. 14 no. 1 (10 Jan., 2008) - Vol. 14 no. 24 (25 Jun., 2008)</subfield>
   <subfield code="b">Main run</subfield>
  </datafield>
  <datafield tag="951" ind1=" " ind2=" ">
   <subfield code="a">Vol. 15 no. 1 (8 Jan., 2009) - Vol. 15 no. 46 (16 Dec., 2009)</subfield>
   <subfield code="b">Main run</subfield>
  </datafield>
  <datafield tag="951" ind1=" " ind2=" ">
   <subfield code="a">Vol. 15 no. 47  (17 Dec. 2009 - 6 Ian. 2010)</subfield>
   <subfield code="b">Main run</subfield>
  </datafield>
  <datafield tag="951" ind1=" " ind2=" ">
   <subfield code="a">Vol. 16 no. 23 (10 Jun., 2010) - Vol. 16 no. 29 (28 Jul., 2010)</subfield>
   <subfield code="b">Main run</subfield>
  </datafield>
  <datafield tag="951" ind1=" " ind2=" ">
   <subfield code="a">Vol. 16 no. 30  (29 Jul.-1 Sep., 2010)</subfield>
   <subfield code="b">Main run</subfield>
  </datafield>
  <datafield tag="951" ind1=" " ind2=" ">
   <subfield code="a">Vol. 16 no. 31 (2 Sep., 2010) - Vol. 16 no. 40 (10 Nov., 2010)</subfield>
   <subfield code="b">Main run</subfield>
  </datafield>
  <datafield tag="951" ind1=" " ind2=" ">
   <subfield code="a">Vol. 16 no. 41  (11 Nov., 2010)</subfield>
   <subfield code="b">Main run</subfield>
  </datafield>
  <datafield tag="951" ind1=" " ind2=" ">
   <subfield code="a">Vol. 16 no. 42  (18 Nov., 2010)</subfield>
   <subfield code="b">Main run</subfield>
  </datafield>
  <datafield tag="951" ind1=" " ind2=" ">
   <subfield code="a">Vol. 16 no. 43  (25 Nov., 2010)</subfield>
   <subfield code="b">Main run</subfield>
  </datafield>
  <datafield tag="951" ind1=" " ind2=" ">
   <subfield code="a">Vol. 16 no. 44  (2 Dec., 2010)</subfield>
   <subfield code="b">Main run</subfield>
  </datafield>
  <datafield tag="951" ind1=" " ind2=" ">
   <subfield code="a">Vol. 16 no. 45  (9 Dec., 2010)</subfield>
   <subfield code="b">Main run</subfield>
  </datafield>
  <datafield tag="951" ind1=" " ind2=" ">
   <subfield code="a">Vol. 16 no. 46  (16 Dec., 2010)</subfield>
   <subfield code="b">Main run</subfield>
  </datafield>
  <datafield tag="951" ind1=" " ind2=" ">
   <subfield code="a">Vol. 17 no. 1  (6 Jan., 2011)</subfield>
   <subfield code="b">Main run</subfield>
  </datafield>
  <datafield tag="951" ind1=" " ind2=" ">
   <subfield code="a">Vol. 17 no. 2  (13 Jan., 2011)</subfield>
   <subfield code="b">Main run</subfield>
  </datafield>
  <datafield tag="951" ind1=" " ind2=" ">
   <subfield code="a">Vol. 17 no. 3  (20 Jan., 2011)</subfield>
   <subfield code="b">Main run</subfield>
  </datafield>
  <datafield tag="951" ind1=" " ind2=" ">
   <subfield code="a">Vol. 17 no. 4 (27 Jan., 2011) - Vol. 17 no. 21 (1 Jun., 2011)</subfield>
   <subfield code="b">Main run</subfield>
  </datafield>
  <datafield tag="951" ind1=" " ind2=" ">
   <subfield code="a">Vol. 17 no. 27  (7 Jul., 2011)</subfield>
   <subfield code="b">Main run</subfield>
  </datafield>
  <datafield tag="951" ind1=" " ind2=" ">
   <subfield code="a">Vol. 17 no. 28  (14 Jul., 2011)</subfield>
   <subfield code="b">Main run</subfield>
  </datafield>
  <datafield tag="951" ind1=" " ind2=" ">
   <subfield code="a">Vol. 17 no. 29  (20 Jul., 2011)</subfield>
   <subfield code="b">Main run</subfield>
  </datafield>
  <datafield tag="951" ind1=" " ind2=" ">
   <subfield code="a">Vol. 17 no. 30 (28 Jul., 2011)</subfield>
   <subfield code="b">Main run</subfield>
  </datafield>
  <datafield tag="951" ind1=" " ind2=" ">
   <subfield code="a">Vol. 17 no. 31  (1 Sep., 2011)</subfield>
   <subfield code="b">Main run</subfield>
  </datafield>
  <datafield tag="951" ind1=" " ind2=" ">
   <subfield code="a">Vol. 17 no. 32 (8 Sep., 2011) - Vol. 17 no. 37 (13 Oct., 2011)</subfield>
   <subfield code="b">Main run</subfield>
  </datafield>
  <datafield tag="951" ind1=" " ind2=" ">
   <subfield code="a">Vol. 17 no. 38  (20 Oct., 2011)</subfield>
   <subfield code="b">Main run</subfield>
  </datafield>
  <datafield tag="951" ind1=" " ind2=" ">
   <subfield code="a">Vol. 17 no. 39 (27 Oct., 2011) - Vol. 17 no. 40 (3 Nov., 2011)</subfield>
   <subfield code="b">Main run</subfield>
  </datafield>
  <datafield tag="951" ind1=" " ind2=" ">
   <subfield code="a">Vol. 17 no. 41  (10 Nov., 2011)</subfield>
   <subfield code="b">Main run</subfield>
  </datafield>
  <datafield tag="951" ind1=" " ind2=" ">
   <subfield code="a">Vol. 17 no. 42  (17 Nov., 2011)</subfield>
   <subfield code="b">Main run</subfield>
  </datafield>
  <datafield tag="951" ind1=" " ind2=" ">
   <subfield code="a">Vol. 17 no. 43 (24 Nov., 2011)</subfield>
   <subfield code="b">Main run</subfield>
  </datafield>
  <datafield tag="951" ind1=" " ind2=" ">
   <subfield code="a">Vol. 17 no. 45 (8 Dec., 2011) - Vol. 17 no. 47 (21 Dec., 2011)</subfield>
   <subfield code="b">Main run</subfield>
  </datafield>
  <datafield tag="951" ind1=" " ind2=" ">
   <subfield code="a">Vol. 18 no. 1 (5 Jan., 2012) - Vol. 18 no. 2 (18 Jan., 2012)</subfield>
   <subfield code="b">Main run</subfield>
  </datafield>
  <datafield tag="951" ind1=" " ind2=" ">
   <subfield code="a">Vol. 18 no. 5 (2 Feb., 2012) - Vol. 18 no. 46 (26 Dec., 2012)</subfield>
   <subfield code="b">Main run</subfield>
  </datafield>
  <datafield tag="951" ind1=" " ind2=" ">
   <subfield code="a">Vol. 19 no. 1 (10 Jan., 2013) - Vol. 19 no. 29 (31 Jul., 2013)</subfield>
   <subfield code="b">Main run</subfield>
  </datafield>
  <datafield tag="951" ind1=" " ind2=" ">
   <subfield code="a">Vol. 19 no. 40 (14 Nov., 2013) - Vol. 19 no. 45 (25 Dec., 2013)</subfield>
   <subfield code="b">Main run</subfield>
  </datafield>
  <datafield tag="951" ind1=" " ind2=" ">
   <subfield code="a">EV50 The Europeans of the year  (December 2004)</subfield>
   <subfield code="b">Supplements</subfield>
  </datafield>
  <datafield tag="951" ind1=" " ind2=" ">
   <subfield code="a">The EVawards Europeans of the year (November 2010)</subfield>
   <subfield code="b">Supplements</subfield>
  </datafield>
  <datafield tag="951" ind1=" " ind2=" ">
   <subfield code="a">The Economist : intelligent life (Vol. 3 no. 4 Summer 2010)</subfield>
   <subfield code="b">Supplements</subfield>
  </datafield>
  <datafield tag="951" ind1=" " ind2=" ">
   <subfield code="a">The Economist : intelligent life (Vol. 4 no. 1 Autumn 2010)</subfield>
   <subfield code="b">Supplements</subfield>
  </datafield>
 </record>
</collection>
